{"text_format":"3","workbook":"xlsx","n_sheets":3,"sheets":["СМЭ 2025-26","Лист2","Лист3"],"not_rendered":{"defined_names":1},"read":"whole","date_system":"1900"}

{"sheet":"СМЭ 2025-26","index":0,"n_rows":431,"n_cols":14,"rows_kept":431}
["№","Район","Название ОУ","Фамилия","Имя","Отчество","Пол","Класс","Класс участия","Итоговый балл","Максим. Балл","Статус","Учитель","Место работы учителя"]
[1,"Ново-Савиновский район","МБОУ \"Школа №113\"","Черемина","А.","С.","ж",8,8,{"v":86.96001796945193,"d":"86.96"},100,"Победитель","Рыжов Александр Васильевич","МБОУ \"Школа 113\""]
[2,"Приволжский район","СУНЦ IT-лицей КФУ","Мубаракова","Р.","И.","ж",8,8,{"v":83.176614481409,"d":"83.18"},100,"Победитель","Яшина Тамара Николаевна","СУНЦ IT-лицей КФУ"]
[3,"Советский район","МБОУ \"Многопрофильный лицей №187\"","Мухаметбареева","Д.","Р.","ж",7,7,{"v":82.87363358994564,"d":"82.87"},100,"Победитель","Шмыков Николай Александрович","МБОУ \"Многопрофильный лицей №187\""]
[4,"Ново-Савиновский район","МБОУ \"Школа №113\"","Горевич","Е.","А.","ж",7,7,{"v":82.03763748854263,"d":"82.04"},100,"Победитель","Рыжов Александр Васильевич","МБОУ \"Школа 113\""]
[5,"Ново-Савиновский район","МБОУ \"Гимназия №7\"","Казымова","Д.","Р.","ж",7,7,{"v":81.19143374818071,"d":"81.19"},100,"Победитель","Игошин Вячеслав Юрьевич","Муниципальное бюджетное общеобразовательное учреждение \"Гимназия №7 имени Героя Росии А.В. Козина\""]
[6,"Советский район","МБОУ \"Лицей №149\"","Канипова","А.","Н.","ж",6,7,{"v":81.01083411226932,"d":"81.01"},100,"Победитель","Закиров Ранис Раисович","МБОУ \"Лицей №149\""]
[7,"Ново-Савиновский район","МБОУ \"Школа №113\"","Валиуллина","М.","Р.","ж",6,7,{"v":80.78564318569977,"d":"80.79"},100,"призер","Рыжов Александр Васильевич","МБОУ \"Школа 113\""]
[8,"Советский район","МБОУ \"Лицей №79\"","Маклеева","Е.","М.","ж",8,8,{"v":80.62985603290676,"d":"80.63"},100,"призер","Киямов Айнур Айратович","МБОУ \"Лицей №79\""]
[9,"Ново-Савиновский район","МБОУ \"Школа №113\"","Гадыршина","Ш.","Д.","ж",8,8,{"v":80.2636827458256,"d":"80.26"},100,"призер","Рыжов Александр Васильевич","МБОУ \"Школа 113\""]
[10,"Советский район","МБОУ \"Многопрофильная школа №181\"","Закирова","А.","Н.","ж",8,8,{"v":80.18730004173042,"d":"80.19"},100,"призер","Бутовецкая Ольга Николаевна","МБОУ \"Многопрофильная школа №181\""]
[11,"Советский район","МБОУ \"Школа №15\"","Зарипова","А.","Р.","ж",6,7,{"v":80.02197251338187,"d":"80.02"},100,"призер","Каримов Марат Рамилевич","МБОУ \"Школа №15\""]
[12,"Ново-Савиновский район","МБОУ \"Школа №113\"","Сафиуллина","С.","М.","ж",6,7,{"v":79.38464436407475,"d":"79.38"},100,"призер","Рыжов Александр Васильевич","МБОУ \"Школа 113\""]
[13,"Приволжский район","МБОУ \"Гимназия №16\"","Вершинина","А.","И.","ж",7,7,{"v":78.76851533435457,"d":"78.77"},100,"призер","Галимова Ильвира Ильгизовна","МБОУ \"Татаро-английская гимназия № 16\""]
[14,"Ново-Савиновский район","ГАОУ \"Адымнар - Казань\" (ул. А.Бичурина)","Кунгурцева","А.","А.","ж",5,7,{"v":78.20230305508854,"d":"78.20"},100,"призер","Штыкова Ольга Владимировна","ГАОУ \"Адымнар-Казань\""]
[15,"Авиастроительный район","МБОУ \"Школа№77\"","Курочкина","М.","Д.","ж",8,8,{"v":77.1079147843033,"d":"77.11"},100,"призер","Королев Андрей Анатольевич","МБОУ \"Школа№77\""]
[16,"Авиастроительный район","МБОУ \"Школа №54\"","Бурлакова","С.","В.","ж",7,7,{"v":76.57383917589175,"d":"76.57"},100,"призер","Сафин Ильдар Гусманович","МБОУ \"Школа № 54\""]
[17,"Советский район","МБОУ \"Гимназия №183\"","Романова","Д.","В.","ж",7,7,{"v":76.52443553178847,"d":"76.52"},100,"призер","Валиахметов Ильшат Гайсович","МБОУ \"Гимназия №183\" Советского района г.Казани"]
[18,"Ново-Савиновский район","МБОУ \"Школа №132\"","Болонина","А.","Д.","ж",8,8,{"v":76.44542666426122,"d":"76.45"},100,"призер","Хубатуллина Альбина Ильгизовна","МБОУ \"СОШ 132\""]
[19,"Советский район","МБОУ \"Гимназия №183\"","Халиуллина","А.","Р.","ж",7,7,{"v":76.0464503819104,"d":"76.05"},100,"призер","Валиахметов Ильшат Гайсович","МБОУ \"Гимназия №183\""]
[20,"Приволжский район","МБОУ \"Лицей №186-\"Перспектива\"","Крылова","Е.","Ю.","ж",7,7,{"v":76.00599794847788,"d":"76.01"},100,"призер","Ибрагимов Фанзиль Маратович","МБОУ \"Лицей №186 - \"Перспектива\""]
[21,"Ново-Савиновский район","МБОУ \"Школа №132\"","Михалицына","М.","А.","ж",8,8,{"v":75.9249727768966,"d":"75.92"},100,"призер","Хубатуллина Альбина Ильгизовна","МБОУ \"Школа №132\""]
[22,"Авиастроительный район","МБОУ \"Школа №54\"","Даутова","С.","Н.","ж",7,7,{"v":75.30365229046356,"d":"75.30"},100,"призер","Сафин Ильдар Русманович","МБОУ \"Школа № 54\""]
[23,"Приволжский район","МАОУ \"Гимназия №19\"","Латыпова","Р.","С.","ж",7,7,{"v":74.9184759900536,"d":"74.92"},100,"призер","Баранов Глеб Валерьевич","МАОУ\"Гимназия №19\" Приволжского района г. Казани"]
[24,"Советский район","МБОУ \"Гимназия №175\"","Байрамова","А.","Р.","ж",7,7,{"v":74.87543763762812,"d":"74.88"},100,"призер","Сабиров Рамиль Габделфартович","МБОУ \"Гимназия №175\""]
[25,"Московский район","МБОУ \"Гимназия №9\"","Кузнецова","Ю.","Е.","ж",8,8,{"v":74.78513450834879,"d":"74.79"},100,"призер","Матросова Светлана Львовна","МБОУ \"Гимназия №9\""]
[26,"Приволжский район","МБОУ \"Лицей №186-\"Перспектива\"","Сабирова","Э.","И.","ж",8,8,{"v":74.1119794359982,"d":"74.11"},100,"призер","Ибрагимов Фанзиль Маратович","МБОУ \"Лицей №186 - \"Перспектива\""]
[27,"Советский район","МБОУ \"Лицей №79\"","Саляхова","Д.","А.","ж",7,7,{"v":74.05813414027403,"d":"74.06"},100,"призер","Киямов Айнур Айратович","МБОУ \"Лицей №79\""]
[28,"Авиастроительный район","МБОУ \"Школа №119\"","Гатауллина","Э.","Р.","ж",8,8,{"v":74.03099098000975,"d":"74.03"},100,"призер","Павлова Альбина Николаевна","МБОУ «СОШ №119» Авиастроительного района г.Казани"]
[29,"Кировский район","МАОУ \"Гимназия-интернат №4\"","Мирсаяпова","Э.","Р.","ж",8,8,{"v":73.2216618635927,"d":"73.22"},100,"призер","Вафина Резеда Равилевна","МАОУ \"Гимназия-интернат №4\" Кировского района города Казани"]
[30,"Советский район","МАОУ \"Многопрофильный лицей №11\"","Гайнетдинова","К.","А.","ж",7,7,{"v":73.21505875077304,"d":"73.22"},100,"призер","Малика Сабуровна","МАОУ \"Многопрофильный лицей №11\""]
[31,"Московский район","МБОУ \"Гимназия №17\"","Минуллина","А.","И.","ж",7,7,{"v":73.10181774647684,"d":"73.10"},100,"призер","Каюмов Камил Тагирович","МБОУ \"Гимназия№17"]
[32,"Приволжский район","МБОУ \"Гимназия №6\"","Зайнашева","Э.","А.","ж",8,8,{"v":73.05585106382978,"d":"73.06"},100,"призер","Зелипукина Людмила Георгиевна","МБОУ \"Гимназия №6\" Приволжского района г. Казани"]
[33,"Приволжский район","СУНЦ IT-лицей КФУ","Масакова","С.","А.","ж",8,8,{"v":72.91440622261175,"d":"72.91"},100,"призер","Лапаскина Ирина Павловна","СУНЦ IT-лицей КФУ"]
[34,"Московский район","МБОУ \"Школа №34\"","Васильева","А.","Д.","ж",7,7,{"v":72.87583079208694,"d":"72.88"},100,"призер","Ксения Руслановна","МБОУ \"Средняя общеобразовательная татарско-русская школа №34\" Московского района г.Казани"]
[35,"Московский район","МБОУ \"Гимназия №75\"","Полозенко","В.","А.","ж",6,7,{"v":72.58549174174175,"d":"72.59"},100,"призер","Чебуков Игорь Аалексеевич","Гимназия № 75"]
[36,"Авиастроительный район","МБОУ \"Школа №147\"","Фасхутдинова","Д.","Р.","ж",8,8,{"v":72.30911097202392,"d":"72.31"},100,"призер","Яшина Екатерина Юрьевна","МБОУ \"Школа №147\""]
[37,"Ново-Савиновский район","МБОУ \"Школа №113\"","Щетинина","А.","С.","ж",7,7,{"v":72.29656085478588,"d":"72.30"},100,"призер","Рыжов Александр Васильевич","МБОУ \"Школа 113\""]
[38,"Вахитовский район","МБОУ \"Школа №51\"","Пирматова","А.","М.","ж",8,8,{"v":71.69739130089565,"d":"71.70"},100,"призер","Шарафутдинов Альберт Шамильевич","МБОУ \"Школа № 51\""]
[39,"Приволжский район","МБОУ \"Школа №129\"","Гатиятуллина","К.","Р.","ж",8,8,{"v":71.63222989331418,"d":"71.63"},100,"призер","Хабибуллин Равкат Якубович","МБОУ\"Школа №129\""]
[40,"Советский район","МБОУ \"Гимназия №174\"","Магеррамова","А.","А.","ж",8,8,{"v":71.45419699709635,"d":"71.45"},100,"призер","Алексеев Руслан Валерьевич","МБОУ \"Гимназия №174\""]
[41,"Приволжский район","МБОУ \"Школа №24\"","Фазлеева","А.","И.","ж",8,8,{"v":71.3252508361204,"d":"71.33"},100,"призер","Сенюхин Сергей Геннадьевич","МБОУ \"Школа №24\""]
[42,"Советский район","МБОУ \"Гимназия №175\"","Тухватуллина","С.","А.","ж",7,7,{"v":71.32025159461375,"d":"71.32"},100,"призер","Кириллова Ольга Владимировна","МБОУ \"Гимназия №175\""]
[43,"Советский район","МБОУ \"Многопрофильный лицей №187\"","Вафина","К.","А.","ж",5,7,{"v":71.30994505421445,"d":"71.31"},100,"призер","Шмыков Николай Александрович","МБОУ \"Многопрофильный лицей №187\""]
[44,"Ново-Савиновский район","МБОУ \"Лицей №170\"","Беседина","П.","Е.","ж",7,7,{"v":70.89561276394392,"d":"70.90"},100,"призер","Саппарова Александра Юрьевна","МБОУ \"Лицей №170\""]
[45,"Московский район","МБОУ \"Школа №99\"","Шакирова","С.","Д.","ж",6,7,{"v":70.5579991421403,"d":"70.56"},100,"призер","Горулева Светлана Александровна","МБОУ \"Школа №99\""]
[46,"Советский район","МБОУ \"Школа №15\"","Сунейкина","К.","В.","ж",7,7,{"v":70.37405303030303,"d":"70.37"},100,"призер","Каримов Марат Рамилевич","МБОУ \"Школа №15\""]
[47,"Советский район","МБОУ \"Гимназия №184\"","Мухамадиева","Р.","Р.","ж",8,8,{"v":70.31604338568006,"d":"70.32"},100,"призер","Кашапов Нафис Алмасович","МБОУ \"Гимназия №184\""]
[48,"Приволжский район","МБОУ \"Школа №82\"","Серебрякова","А.","М.","ж",7,7,{"v":69.87968759092533,"d":"69.88"},100,"участник","Хабиров Рафик Рафаильевич","МБОУ \"Школа №82\""]
[49,"Московский район","МБОУ \"Гимназия № 122 имени Ж.А.Зайцевой\"","Галимова","Д.","М.","ж",8,8,{"v":69.66807991817174,"d":"69.67"},100,"участник","Приказчикова Татьяна Викторовна","МБОУ \"Гимназия №122 имени Ж.А.Зайцевой\""]
[50,"Кировский район","МБОУ  \"Школа №32\"","Зиганшина","Р.","Р.","ж",7,7,{"v":69.5633194765497,"d":"69.56"},100,"участник","Вологина Юлия Сергеевна","МБОУ Школа № 32"]
[51,"Советский район","МБОУ \"Гимназия №183\"","Самигуллина","С.","А.","ж",7,7,{"v":69.30510585305106,"d":"69.31"},100,"участник","Валиахметов Ильшат Гайсович","МБОУ \"Гимназия №183\" Советского района г.Казани"]
[52,"Советский район","МАОУ \"Лицей №121\"","Рахимова","А.","Р.","ж",7,7,{"v":68.8785140562249,"d":"68.88"},100,"участник","Слободчиков Сергей Львовоич","МАОУ \"Лицей №121\""]
[53,"Приволжский район","МБОУ \"Гимназия №52\"","Марышева","В.","Р.","ж",8,8,{"v":68.76487883107626,"d":"68.76"},100,"участник","Михеева Диляра Фаритовна","МБОУ \"Гимназия №52\" Приволжского района г.Казани"]
[54,"Советский район","МАОУ \"Лицей №121\"","Иванова","П.","М.","ж",7,7,{"v":68.57850520324298,"d":"68.58"},100,"участник","Слободчиков Сергей Львовоич","МАОУ \"Лицей №121\""]
[55,"Приволжский район","МБОУ \"Гимназия №18\"","Исламова","З.","Р.","ж",7,7,{"v":68.21213002566296,"d":"68.21"},100,"участник","Абдуллин Фанис Фердинантович","МБОУ \"Гимназия №18 с татарским языком обучения - \"Галэм\" Приволжского района г. Казани."]
[56,"Советский район","МБОУ \"Лицей №159 имени С.Х.Загидуллиной\"","Павлова","В.","Д.","ж",7,7,{"v":67.94190878756434,"d":"67.94"},100,"участник","Барлев Виктор Александрович","МБОУ \"Лицей №159 имени С.Х.Загидуллиной\""]
[57,"Приволжский район","МБОУ \"Гимназия №40\"","Ефимова","П.","Е.","ж",7,7,{"v":67.92420212765957,"d":"67.92"},100,"участник","Баширова Анастасия Романовна","МБОУ \"Гимназия №40\""]
[58,"Ново-Савиновский район","МАОУ \"Лицей №146 \"Ресурс\"","Бахарева","Е.","В.","ж",6,7,{"v":67.76297670888906,"d":"67.76"},100,"участник","Белянин Алексей Анатольевич","МАОУ \"Лицей № 146 \"Ресурс\""]
[59,"Советский район","МБОУ \"Гимназия №8 - Центр образования\"","Мухаметдинова","А.","Р.","ж",8,8,{"v":67.43021926284638,"d":"67.43"},100,"участник","Суслова Елена Александровна","МБОУ \"Гимназия №8 - Центр образования\""]
[60,"Вахитовский район","АНОО  \"Академия БС\"","Бинеева","Н.","М.","ж",7,7,{"v":67.0507331593376,"d":"67.05"},100,"участник","Ашанин Никита Андреевич","АНОО \"Академия Бала-сити\""]
[61,"Кировский район","МАОУ \"Гимназия-интернат №4\"","Шагидуллина","К.","А.","ж",8,8,{"v":66.98895634203048,"d":"66.99"},100,"участник","Вафина Резеда Равилевна","МАОУ \"Гимназия-интернат №4\" Кировского района города Казани"]
[62,"Вахитовский район","МБОУ \"Гимназия №27\"","Нафикова","З.","Р.","ж",7,7,{"v":66.42674627119816,"d":"66.43"},100,"участник","Галиуллин Камиль Масхутович","МБОУ \"Гимназия №27\""]
[63,"Кировский район","МБОУ \"Школа №137\"","Насырова","Э.","Р.","ж",8,8,{"v":66.2641302090544,"d":"66.26"},100,"участник","Хайруллина Лейсан Рустэмовна","МБОУ \"Школа № 137\""]
[64,"Вахитовский район","МБОУ \"Гимназия №96\"","Ананич","Е.","С.","ж",7,7,{"v":66.21446149392008,"d":"66.21"},100,"участник","Самарина Ирина Ваделеновна","Муниципальное бюджетное общеобразовательное учреждение \"Гимназия 96\" г. Казани"]
[65,"Советский район","МБОУ \"Гимназия №125\"","Ефремова","Э.","Р.","ж",7,7,{"v":65.84187158469946,"d":"65.84"},100,"участник","Пономарев Артем Александрович, Мушарапов Салават Ирекович","МБОУ \"Гимназия №125\""]
[66,"Кировский район","МБОУ \"Лицей №182\"","Горлова","К.","Д.","ж",8,8,{"v":65.5563819589968,"d":"65.56"},100,"участник","Латыпов Ильшат Юрьевич","МБОУ \"Лицей №182\""]
[67,"Ново-Савиновский район","МБОУ \"Лицей №177\"","Стифанова","В.","П.","ж",8,8,{"v":65.4618374108053,"d":"65.46"},100,"участник","Ярохно Анатолий Дмитриевич","МБОУ Лицей 177"]
[68,"Авиастроительный район","МБОУ \"Гимназия №33\"","Константинова","М.","А.","ж",7,7,{"v":65.06292087542087,"d":"65.06"},100,"участник","Крымов Николай Евгеньевич","МБОУ Гимназия 33"]
[69,"Ново-Савиновский район","МБОУ \"Школа №49\"","Ежова","К.","И.","ж",8,8,{"v":64.76847647418174,"d":"64.77"},100,"участник","Зиганшин Артур Рамилевич","МБОУ \"Школа №49\""]
[70,"Приволжский район","МБОУ \"Гимназия №21\"","Захарова","А.","Д.","ж",7,7,{"v":64.39442214771162,"d":"64.39"},100,"участник","Хафизов Ильшат Исхакович","МБОУ \"Гимназия№21\""]
[71,"Авиастроительный район","МБОУ \"Школа №62\"","Овчаркина","А.","А.","ж",8,8,{"v":64.38616439768977,"d":"64.39"},100,"участник","Каратаев Егор Сергеевич","МБОУ \"Школа №62\" Авиастроительного района г.Казани"]
[72,"Авиастроительный район","МБОУ \"Школа №60\"","Кольцова","П.","И.","ж",7,7,{"v":64.08820283537477,"d":"64.09"},100,"участник","Семагина Светлана Владимировна","МБОУ \"Школа №60\""]
[73,"Вахитовский район","МАОУ \"Лицей №131\"","Карпухина","Д.","А.","ж",7,7,{"v":63.30589480540629,"d":"63.31"},100,"участник","Сочнева Татьяна Николаевна","МАОУ \"Лицей №131\""]
[74,"Приволжский район","МБОУ \"Лицей №83-Центр образования\"","Кузнецова","Е.","В.","ж",8,8,{"v":62.884658580413294,"d":"62.88"},100,"участник","Терентьев Валерий Константинович","МБОУ \"Лицей №83-Центр Образования\""]
[75,"Кировский район","МБОУ \"Многопрофильная гимназия №189 \"Заман\"","Мифтахова","Р.","Р.","ж",7,7,{"v":62.81845238095238,"d":"62.82"},100,"участник","Сорокин Александр Иванович, Артем Андреевич","МБОУ \"Многопрофильная гимназия №189 \"Заман\"\""]
[76,"Приволжский район","МБОУ \"Гимназия №52\"","Хабибуллина","Р.","Р.","ж",7,7,{"v":62.798076302108555,"d":"62.80"},100,"участник","Ажниязова Надия Булатовна","МБОУ \"Гимназия №52\" Приволжского района г.Казани"]
[77,"Советский район","МБОУ \"Гимназия №8 - Центр образования\"","Дмитриева","А.","А.","ж",7,7,{"v":62.77280154532094,"d":"62.77"},100,"участник","Суслова Елена Александровна","МБОУ \"Гимназия №8 - Центр образования\""]
[78,"Вахитовский район","МБОУ \"Школа №80 имени Каюма Насыри\"","Запорожец","Д.","Ф.","ж",7,7,{"v":61.73170706645156,"d":"61.73"},100,"участник","Фаткуллин Фарит Талгатович","МБОУ \"Школа №80 им.К.Насыри\""]
[79,"Советский район","МБОУ \"Лицей №95\"","Фёдорова","М.","А.","ж",8,8,{"v":60.97553039177405,"d":"60.98"},100,"участник","Сурская Диана Владимировна","МБОУ \"Лицей №95\""]
[80,"Советский район","МБОУ \"Гимназия №184\"","Степанова","М.","Р.","ж",7,7,{"v":60.58478657411351,"d":"60.58"},100,"участник","Кашапов Нафис Алмасович","МБОУ \"Гимназия №184\""]
[81,"Вахитовский район","МБОУ \"Гимназия №3\"","Трофимова","Е.","В.","ж",8,8,{"v":59.94987371542942,"d":"59.95"},100,"участник","Романцов Артем Валерьевич","МБОУ \"Гимназия №3\" Вахитовского района г. Казани"]
[82,"Советский район","МБОУ \"Многопрофильная полилингвальная гимназия №180\"","Гостева","М.","Р.","ж",7,7,{"v":59.29384283539592,"d":"59.29"},100,"участник","Людмила Анатольевна","МБОУ \"Многопрофильная полилингвальная гимназия №180\""]
[83,"Авиастроительный район","МБОУ \"Школа№77\"","Степанова","Э.","А.","ж",8,8,{"v":59.14896073903002,"d":"59.15"},100,"участник","Королев Андрей Анатольевич","МБОУ \"Школа№77\""]
[84,"Советский район","МБОУ \"Школа №72\"","Замилова","А.","Р.","ж",8,8,{"v":58.920536754044406,"d":"58.92"},100,"участник","Магомедрагимов Вадим Рахманович","МБОУ \"Школа №72\""]
[85,"Советский район","МБОУ \"Школа №84\"","Мельникова","С.","Н.","ж",8,8,{"v":58.758199321216736,"d":"58.76"},100,"участник","Гумеров Руслан Ренатович","МБОУ \"Школа №84\""]
[86,"Кировский район","МБОУ \"Школа №151\"","Куприянова","С.","К.","ж",7,7,{"v":58.057663642389016,"d":"58.06"},100,"участник","Дасаева Фирюза Абдуловна","МБОУ \"Средняя школа № 151\" Кировского района г. Казани"]
[87,"Московский район","МБОУ \"Гимназия №94 имени Л.Н.Мурысина\"","Дерябина","Э.","Д.","ж",7,7,{"v":57.697105461455294,"d":"57.70"},100,"участник","Павлов Андрей Игоревич","МБОУ \"Гимназия №94 имени Л.Н. Мурысина\""]
[88,"Ново-Савиновский район","МБОУ \"Гимназия №13\"","Ивкина","П.","А.","ж",7,7,{"v":55.89011287262329,"d":"55.89"},100,"участник","Анна Александровна","МБОУ \"Гимназия №13\" Ново-Савиновского района г.Казани"]
[89,"Авиастроительный район","МБОУ \"Школа №119\"","Милованова","К.","С.","ж",7,7,{"v":53.98584905660377,"d":"53.99"},100,"участник","Павлова Альбина Николаевна","МБОУ «СОШ №119» Авиастроительного района г.Казани"]
[90,"Кировский район","МБОУ \"Лицей №188\"","Агеева","М.","С.","ж",8,8,{"v":49.922413793103445,"d":"49.92"},100,"участник","Гиниятуллина Яна Владиславовна","МБОУ \"Лицей №188\""]
[91,"Ново-Савиновский район","МБОУ \"Школа №113\"","Кутлаева","А.","И.","ж",7,7,{"v":49.55262186115214,"d":"49.55"},100,"участник","Рыжов Александр Васильевич","МБОУ \"Школа 113\""]
[92,"Советский район","МБОУ \"Лицей №185\"","Халиуллина","А.","Р.","ж",6,8,{"v":45.3125,"d":"45.31"},100,"участник","Гатауллин Максим Эдуардович","МБОУ \"Лицей №185\""]
[93,"Авиастроительный район","МАОУ \"Гимназия №37\"","Перфилова","Ю.","А.","ж",8,8,{"v":44.922413793103445,"d":"44.92"},100,"участник","Хасанов Руслан Султанович","МАОУ \"Гимназия №37\" Авиастроительного района г. Казани"]
[94,"Приволжский район","МБОУ \"Лицей №35\"","Никитина","Е.","И.","ж",8,8,{"v":43.93181818181817,"d":"43.93"},100,"участник","Ногуманова Гульнара Уэловна","МБОУ \"Лицей №35 - образовательный центр \"Галактика\""]
[95,"Московский район","МБОУ \"Гимназия №20 \"Гармония\"","Рамазанова","А.","А.","ж",8,8,{"v":43.66874135546335,"d":"43.67"},100,"участник","Баранов Максим Викторович","МБОУ \"Гимназия №20 \"Гармония\"\" Московского района г. Казани"]
[96,"Вахитовский район","МБОУ \"Гимназия №96\"","Сойманова","П.","А.","ж",8,8,{"v":43.27066929133858,"d":"43.27"},100,"участник","Мухлин Сергей Геннадьевич","Муниципальное бюджетное общеобразовательное учреждение \"Гимназия 96\" г. Казани"]
[97,"Советский район","МБОУ \"Гимназия №184\"","Башарова","А.","Л.","ж",7,7,{"v":42.92565243991668,"d":"42.93"},100,"участник","Кашапов Нафис Алмасович","МБОУ \"Гимназия 184\""]
[98,"Приволжский район","МБОУ \"Лицей №35\"","Четверикова","С.","В.","ж",7,7,{"v":42.73615771812081,"d":"42.74"},100,"участник","Хузиахметова Ирина Ильинична","МБОУ \"Лицей №35 - образовательный центр \"Галактика\""]
[99,"Приволжский район","МАОУ \"Гимназия №139-Центр образования\"","Сагитзянова","Д.","И.","ж",8,8,{"v":42.7037037037037,"d":"42.70"},100,"участник","Долгих Вячеслав Юрьевич","МАОУ \"Гимназия №139-ЦО\""]
[100,"Приволжский район","МБОУ \"Школа №73\"","Мухамметшина","Д.","И.","ж",7,7,{"v":36.92078025477707,"d":"36.92"},100,"участник","Склярова Антонида Николаевна","МБОУ \"СОШ №73\""]
[101,"Приволжский район","МБОУ \"Школа №136\"","Амосова","М.","М.","ж",7,7,{"v":28.324742268041234,"d":"28.32"},100,"участник","Корнетов Вячеслав Владимирович","МБОУ \"Школа 136\""]
[102,"Кировский район","МБОУ \"Многопрофильная гимназия №189 \"Заман\"","Хамидуллина","А.","Б.","ж",8,8,{"v":15.625,"d":"15.63"},100,"участник","Сорокин Александр Иванович","МБОУ «Многопрофильная гимназия №189 “Заман”»"]
[103,"Ново-Савиновский район","МБОУ \"Школа №71\"","Белоусова","Э.","С.","ж",7,7,{"v":9.375,"d":"9.38"},100,"участник","Мухаметшин Азат Газизович","МБОУ \"Школа №71\" г.Казани"]
[104,"Вахитовский район","МБОУ \"Школа №1\"","Зуева","А.","А.","ж",8,8,{"v":7.1875,"d":"7.19"},100,"участник","Куманина Роза Рамильевна","МБОУ \"Школа №1\""]
[105,"Приволжский район","МБОУ \"Лицей №78 \"Фарватер\"","Хорошева","К.","О.","ж",8,8,6.25,100,"участник","Кожилкина Юлия Владимировна","МБОУ \"Лицей №78 \"Фарватер\""]
[106,"Советский район","МБОУ \"Гимназия №183\"","Рафиков","Э.","Р.","м",7,7,{"v":88.78093386523928,"d":"88.78"},100,"Победитель","Валиахметов Ильшат Гайсович","МБОУ \"Гимназия №183\" Советского района г.Казани"]
[107,"Ново-Савиновский район","МБОУ \"Гимназия №7\"","Габдуллин","Ф.","А.","м",7,7,{"v":84.0083152893059,"d":"84.01"},100,"Победитель","Игошин Вячеслав Юрьевич","Муниципальное бюджетное общеобразовательное учреждение \"Гимназия №7 имени Героя Росии А.В. Козина\""]
[108,"Авиастроительный район","МБОУ \"Школа №119\"","Кежин","Д.","К.","м",8,8,{"v":82.87004859580719,"d":"82.87"},100,"Победитель","Павлова Альбина Николаевна","МБОУ «СОШ №119» Авиастроительного района г.Казани"]
[109,"Авиастроительный район","МБОУ \"Школа №54\"","Малахов","А.","Д.","м",8,8,{"v":81.42572374877331,"d":"81.43"},100,"Победитель","Шинкарева Лидия Викторовна","МБОУ \"Школа № 54\""]
[110,"Ново-Савиновский район","МБОУ \"Школа №143\"","Рубцов","В.","С.","м",8,8,{"v":79.37187120471577,"d":"79.37"},100,"призер","Хамидуллин Ильшат Ришатович","МБОУ \"Школа №143\" Ново-Савиновского района г.Казани"]
[111,"Ново-Савиновский район","МБОУ \"Школа №113\"","Карымов","А.","А.","м",5,7,{"v":78.47670857511282,"d":"78.48"},100,"призер","Рыжов Александр Васильевич","МБОУ \"Школа 113\""]
[112,"Вахитовский район","ФГКОУ \"Казанское суворовское военное училище\"","Ахмадуллин","К.","И.","м",8,8,{"v":78.4370547431571,"d":"78.44"},100,"призер","Басыров Равиль Рамилевич","ФГКОУ \"Казанское суворовское военное училище МО РФ\""]
[113,"Советский район","МБОУ \"Лицей №185\"","Халиуллин","Р.","Р.","м",8,8,{"v":77.62698207389641,"d":"77.63"},100,"призер","Сигматулин Максим Эдуардович","МБОУ \"Лицей №185\""]
[114,"Советский район","МБОУ \"Лицей №159 имени С.Х.Загидуллиной\"","Бульмаков","Р.","Ф.","м",8,8,{"v":77.38153125161824,"d":"77.38"},100,"призер","Абдуллина Лилия Камилевна ","МБОУ \"Лицей №159 имени С.Х.Загидуллиной\""]
[115,"Приволжский район","МАОУ \"Гимназия №19\"","Мантай","А.","А.","м",7,7,{"v":77.30610236220473,"d":"77.31"},100,"призер","Курседов Борис Борисович","МАОУ\"Гимназия №19\" Приволжского района г. Казани"]
[116,"Ново-Савиновский район","МБОУ \"Школа №132\"","Мухамадуллин","Р.","Р.","м",7,7,{"v":77.2286079182631,"d":"77.23"},100,"призер","Хубатуллина Альбина Ильгизовна","МБОУ \"СОШ 132\""]
[117,"Ново-Савиновский район","МБОУ \"Школа №113\"","Рамазанов","А.","Р.","м",7,7,{"v":76.53819894310519,"d":"76.54"},100,"призер","Рыжов Александр Васильевич","МБОУ \"Школа 113\""]
[118,"Московский район","МБОУ \"Школа №99\"","Сундуков","И.","А.","м",8,8,{"v":74.67550088622647,"d":"74.68"},100,"призер","Светлана Александровна","МБОУ \"Школа №99\""]
[119,"Приволжский район","МБОУ \"Лицей №186-\"Перспектива\"","Кателин","С.","Д.","м",7,7,{"v":74.24904564344536,"d":"74.25"},100,"призер","Ибрагимов Фанзиль Маратович","МБОУ \"Лицей №186 - \"Перспектива\""]
[120,"Вахитовский район","МБОУ \"Гимназия №96\"","Хасаншин","Б.","Р.","м",8,8,{"v":72.63643103830128,"d":"72.64"},100,"призер","Самарина Ирина Ваделеновна","Муниципальное бюджетное общеобразовательное учреждение \"Гимназия 96\" г. Казани"]
[121,"Кировский район","МБОУ \"Лицей №182\"","Идиатуллин","Р.","Р.","м",8,8,{"v":72.57095883499439,"d":"72.57"},100,"призер","Глебова Анастасия Алексеевна","МБОУ \"Лицей №182\""]
[122,"Советский район","МБОУ \"Лицей №149\"","Аглямзянов","А.","Н.","м",8,8,{"v":72.26878931685245,"d":"72.27"},100,"призер","Закиров Ранис Раисович","МБОУ \"Лицей №149\""]
[123,"Вахитовский район","ГБОУ \"ККШИ им. Героя Советского Союза Б.К. Кузнецова\"","Муртазин","Д.","И.","м",7,7,{"v":72.02691104038372,"d":"72.03"},100,"призер","Шамаев Дмитрий Геннадьевич","ГБОУ \"Казанская кадетская школа-интернат им. Б.К. Кузнецова\""]
[124,"Советский район","МБОУ \"Гимназия №93 имени А.С.Пушкина\"","Минаков","И.","В.","м",8,8,{"v":71.94777397260273,"d":"71.95"},100,"призер","Мавлютова Анжелика Владимировна","МБОУ \"Гимназия №93 имени А.С.Пушкина\""]
[125,"Московский район","МБОУ \"Гимназия №75\"","Петрунькин","И.","В.","м",7,7,{"v":71.21293358989027,"d":"71.21"},100,"призер","Толометова Эльвира Флитовна","Гимназия № 75"]
[126,"Ново-Савиновский район","МБОУ \"Школа №132\"","Габдрафиков","А.","А.","м",7,7,{"v":71.17513799448022,"d":"71.18"},100,"призер","Хубатуллина Альбина Ильгизовна","МБОУ \"СОШ 132\""]
[127,"Советский район","МБОУ \"Гимназия №175\"","Ибрагимов","А.","В.","м",7,7,{"v":70.96448289460712,"d":"70.96"},100,"призер","Сабиров Рамиль Габделфартович","МБОУ \"Гимназия №175\""]
[128,"Ново-Савиновский район","МБОУ \"Школа №113\"","Мухаметкулов","Д.","Р.","м",7,7,{"v":70.89273504273504,"d":"70.89"},100,"призер","Рыжов Александр Васильевич","МБОУ \"Школа 113\""]
[129,"Советский район","МБОУ \"Лицей №149\"","Бизянов","Р.","Р.","м",5,7,{"v":70.5668202764977,"d":"70.57"},100,"призер","Закиров Ранис Раисович","МБОУ \"Лицей №149\""]
[130,"Кировский район","МБОУ \"Школа №70\"","Галимов","П.","Д.","м",8,8,{"v":70.27774045748933,"d":"70.28"},100,"призер","Пануркин Артур Сергеевич","Муниципальное бюджетное общеобразовательное учреждение \"Школа №70\" г.Казани Республики Татарстан"]
[131,"Советский район","МАОУ \"Лицей №121\"","Шарипзянов","С.","Р.","м",8,8,{"v":70.19797754578109,"d":"70.20"},100,"призер","Слободчиков Сергей Львовоич","МАОУ \"Лицей №121\""]
[132,"Московский район","МБОУ \"Гимназия №9\"","Шиков","Д.","Е.","м",7,7,{"v":69.52290010961907,"d":"69.52"},100,"призер","Зиновьева Евгения Владимировна","МБОУ \"Гимназия №9\""]
[133,"Ново-Савиновский район","МБОУ \"Гимназия №179-центр образования\"","Растатурин","Р.","А.","м",6,7,{"v":69.20428550207961,"d":"69.20"},100,"призер","Гаранина Ксения Дмитриевна","\"Гимназия № 179-центр образования\""]
[134,"Вахитовский район","ГБОУ \"ККШИ им. Героя Советского Союза Б.К. Кузнецова\"","Овчинников","З.","И.","м",8,8,{"v":68.83225108225108,"d":"68.83"},100,"призер","Шамаев Дмитрий Геннадьевич","ГБОУ \"Казанская кадетская школа-интернат им. Б.К. Кузнецова\""]
[135,"Московский район","МБОУ \"Гимназия № 122 имени Ж.А.Зайцевой\"","Протасенко","А.","А.","м",8,8,{"v":68.5172646237787,"d":"68.52"},100,"призер","Приказчикова Татьяна Викторовна","МБОУ \"Гимназия №122 имени Ж.А.Зайцевой\""]
[136,"Вахитовский район","ФГКОУ \"Казанское суворовское военное училище\"","Бакеев","М.","П.","м",7,7,{"v":67.83491260415326,"d":"67.83"},100,"призер","Никонов Даниил Андреевич","ФГКОУ \"Казанское суворовское военное училище МО РФ\""]
[137,"Советский район","МБОУ \"Многопрофильная школа №181\"","Шарипзянов","Н.","Р.","м",5,7,{"v":67.57018764030958,"d":"67.57"},100,"призер","Ольга Николаевна","МБОУ \"Многопрофильная школа №181\""]
[138,"Авиастроительный район","МБОУ \"Школа№77\"","Садиков","К.","Р.","м",6,7,{"v":67.31117021276596,"d":"67.31"},100,"призер","Королев Андрей Анатольевич","МБОУ \"Школа№77\""]
[139,"Приволжский район","МБОУ \"Лицей №35\"","Файзуллин","А.","А.","м",8,8,{"v":67.05218143765596,"d":"67.05"},100,"призер","Ногуманова Гульнара Уэловна","МБОУ \"Лицей №35 - образовательный центр \"Галактика\""]
[140,"Кировский район","МБОУ \"Многопрофильная гимназия №189 \"Заман\"","Валиев","А.","Р.","м",7,7,{"v":67.02055283025432,"d":"67.02"},100,"призер","Ширманова Марина Викторовна","МБОУ \"Многопрофильная гимназия №189 \"Заман\"\""]
[141,"Приволжский район","МБОУ \"Лицей №35\"","Корнетов","С.","В.","м",7,7,{"v":66.0411036036036,"d":"66.04"},100,"призер","Ногуманова Гульнара Уэловна","МБОУ \"Лицей №35 - образовательный центр \"Галактика\""]
[142,"Приволжский район","МБОУ \"Гимназия №52\"","Сиразиев","Д.","М.","м",7,7,{"v":65.29829782790308,"d":"65.30"},100,"призер","Ажниязова Надия Булатовна","МБОУ \"Гимназия №52\" Приволжского района г.Казани"]
[143,"Советский район","МБОУ \"Гимназия №8 - Центр образования\"","Абдуллин","М.","Р.","м",8,8,{"v":65.03874883286647,"d":"65.04"},100,"участник","Софья Павловна","МБОУ \"Гимназия №8 - Центр образования\""]
[144,"Московский район","МБОУ \"Гимназия №94 имени Л.Н.Мурысина\"","Акбашев","А.","Р.","м",6,7,{"v":64.87007536400006,"d":"64.87"},100,"участник","Павлов Андрей Игоревич","МБОУ \"Гимназия №94 имени Л.Н.Мурысина\""]
[145,"Советский район","МАОУ \"Гимназия №141\"","Титов","Д.","Д.","м",8,8,{"v":64.7741733056859,"d":"64.77"},100,"участник","Хабибуллин Ильсур Мансурович","МАОУ \"Гимназия №141\""]
[146,"Ново-Савиновский район","МБОУ \"Лицей №177\"","Садыков","Д.","И.","м",8,8,{"v":64.20510623797114,"d":"64.21"},100,"участник","Ярохно Анатолий Дмитриевич","МБОУ Лицей 177"]
[147,"Советский район","МБОУ \"Гимназия №125\"","Набиуллин","М.","Р.","м",7,7,{"v":63.396708756612966,"d":"63.40"},100,"участник","Пономарев Артем Александрович","МБОУ \"Гимназия №125\""]
[148,"Кировский район","МБОУ  \"Школа №32\"","Галимзянов","Т.","М.","м",8,8,{"v":63.38415754192609,"d":"63.38"},100,"участник","Валыгина Юлия Сергеевна","МБОУ Школа № 32"]
[149,"Московский район","МБОУ \"Школа №34\"","Макаров","В.","В.","м",8,8,{"v":63.263888888888886,"d":"63.26"},100,"участник","Идиятова Ксения Руслановна","МБОУ \"Средняя общеобразовательная татарско-русская школа №34\" Московского района г.Казани"]
[150,"Приволжский район","МБОУ \"Гимназия №40\"","Хакимов","А.","Р.","м",8,8,{"v":63.1567846835704,"d":"63.16"},100,"участник","Баширова Анастасия Романовна","МБОУ \"Гимназия №40\""]
[151,"Приволжский район","СУНЦ IT-лицей КФУ","Коновалов","М.","А.","м",8,8,{"v":62.99393648367687,"d":"62.99"},100,"участник","Чапурин Артем Игоревич","СУНЦ IT-лицей КФУ"]
[152,"Советский район","МБОУ \"Многопрофильный лицей №187\"","Ишмуратов","Р.","И.","м",5,7,{"v":62.86003947033359,"d":"62.86"},100,"участник","Шмыков Николай Александрович","МБОУ \"Многопрофильный лицей №187\""]
[153,"Приволжский район","МБОУ \"Лицей №78 \"Фарватер\"","Марваров","К.","И.","м",7,7,{"v":62.32033204842091,"d":"62.32"},100,"участник","Кожилкина Юлия Владимировна","МБОУ \"Лицей №78 \"Фарватер\""]
[154,"Советский район","МБОУ \"Школа №171\"","Жижанов","К.","А.","м",8,8,{"v":62.13225352489022,"d":"62.13"},100,"участник","Наиль Шафкатович","МБОУ \"Школа №171\""]
[155,"Вахитовский район","МАОУ \"Лицей №131\"","Веснянкин","Т.","Н.","м",7,7,{"v":62.023234870317,"d":"62.02"},100,"участник","Асхадуллин Ринат Фазылович","МАОУ \"Лицей №131\""]
[156,"Советский район","МБОУ \"Школа №84\"","Сойманов","Д.","А.","м",8,8,{"v":61.9692671818395,"d":"61.97"},100,"участник","Гумеров Руслан Ренатович","МБОУ \"Школа №84\""]
[157,"Приволжский район","МБОУ \"Школа №136\"","Корсаков","А.","С.","м",7,7,{"v":61.82993482768836,"d":"61.83"},100,"участник","Корнетов Вячеслав Владимирович","МБОУ \"Школа 136\""]
[158,"Московский район","МБОУ \"Школа №64\"","Макаров","К.","А.","м",7,7,{"v":61.00139826199501,"d":"61.00"},100,"участник","Драгунов Кирилл Александрович","МБОУ \"Школа №64\""]
[159,"Приволжский район","МБОУ \"Гимназия №6\"","Сергеев","Д.","В.","м",8,8,{"v":60.5991449959635,"d":"60.60"},100,"участник","Макрушина Алла Дмитриевна","МБОУ \"Гимназия №6\" Приволжского района г. Казани"]
[160,"Кировский район","МБОУ \"Школа №151\"","Турсунов","А.","З.","м",8,8,{"v":59.859665797165796,"d":"59.86"},100,"участник","Дасаева Фирюза Абдуловна","МБОУ \"Средняя школа № 151\" Кировского района г. Казани"]
[161,"Советский район","МБОУ \"Школа №169\"","Маринин","А.","Д.","м",7,7,{"v":59.84359151134779,"d":"59.84"},100,"участник","Гайфуллин Айдар Ришатович","МБОУ \"Школа №169\""]
[162,"Авиастроительный район","МБОУ \"Школа №62\"","Хисматов","Р.","И.","м",7,7,{"v":59.77886343216532,"d":"59.78"},100,"участник","Косова Любовь Николаевна","МБОУ \"Школа №62\" Авиастроительного района г.Казани"]
[163,"Вахитовский район","МБОУ \"Гимназия №27\"","Гатауллин","А.","А.","м",8,8,{"v":59.76442602823818,"d":"59.76"},100,"участник","Галиуллин Камиль Масхутович","МБОУ \"Гимназия №27\""]
[164,"Советский район","МБОУ \"Школа №108\"","Асадуллин","М.","Р.","м",8,8,{"v":58.75237616424677,"d":"58.75"},100,"участник","Вафина Фагиля Бариевна","МБОУ \"Школа №108\""]
[165,"Приволжский район","МБОУ \"Лицей №83-Центр образования\"","Карипов","А.","А.","м",8,8,{"v":57.76747713272354,"d":"57.77"},100,"участник","Хусаинов Джаудат Габдулхакович","МБОУ \"Лицей №83-Центр Образования\""]
[166,"Приволжский район","МБОУ \"Лицей №35\"","Сибгатуллин","Э.","А.","м",7,7,{"v":57.62500255286994,"d":"57.63"},100,"участник","Хузиахметова Ирина Ильинична","МБОУ \"Лицей №35 - образовательный центр \"Галактика\""]
[167,"Приволжский район","МБОУ \"Лицей №186-\"Перспектива\"","Матурин","Р.","М.","м",7,7,{"v":55.07914414904549,"d":"55.08"},100,"участник","Ибрагимов Фанзиль Маратович","МБОУ \"Лицей №186 - \"Перспектива\""]
[168,"Кировский район","МБОУ \"Лицей №188\"","Шибдин","Д.","Н.","м",7,7,{"v":54.75892712597424,"d":"54.76"},100,"участник","Ефасов Рифат Рафаэлевич","МБОУ \"Лицей №188\""]
[169,"Советский район","МБОУ \"Лицей №79\"","Сидорочев","В.","А.","м",7,7,{"v":54.48214285714286,"d":"54.48"},100,"участник","Киямов Айнур Айратович","МБОУ \"Лицей №79\""]
[170,"Советский район","МБОУ \"Многопрофильный лицей №187\"","Сайфутдинов","Д.","Л.","м",6,7,{"v":51.94444444444444,"d":"51.94"},100,"участник","Шмыков Николай Александрович","МБОУ \"Многопрофильный лицей №187\""]
[171,"Советский район","МБОУ \"Гимназия №175\"","Вафин","Э.","Р.","м",8,8,{"v":51.214108910891085,"d":"51.21"},100,"участник","Кириллова Ольга Владимировна","МБОУ \"Гимназия №175\""]
[172,"Вахитовский район","МБОУ \"Лицей №116 имени Героя Советского Союза А.С.Умеркина\"","Асадуллин","Р.","Р.","м",8,8,{"v":50.46122994652406,"d":"50.46"},100,"участник","Садретдинов Марат Ревмирович","Лицей 116"]
[173,"Ново-Савиновский район","ГАОУ \"Адымнар - Казань\" (ул. А.Бичурина)","Шиков","В.","Д.","м",6,7,{"v":50.12903225806451,"d":"50.13"},100,"участник","Сабитов Ильнур Наилевич","ГАОУ \"Адымнар-Казань\""]
[174,"Ново-Савиновский район","МБОУ \"Лицей №170\"","Лихачев","Д.","А.","м",8,8,{"v":49.85195852534562,"d":"49.85"},100,"участник","Сусленкова Юлия Владимировна","МБОУ \"Лицей №170\""]
[175,"Советский район","АНОО \"Международная школа Унискул\"","Хасанов","Р.","Р.","м",8,8,{"v":45.803564291138734,"d":"45.80"},100,"участник","Редина Александра Вадимовна","АНОО \"Международная школа Унискул\""]
[176,"Кировский район","МБОУ \"Лицей №182\"","Залялов","Р.","Д.","м",7,7,{"v":45.5616612155367,"d":"45.56"},100,"участник","Глебова Анастасия Алексеевна","МбОУ \"Лицей №182\""]
[177,"Авиастроительный район","МБОУ \"Лицей №145\"","Фазылзянов","А.","Р.","м",8,8,{"v":45.46823770491803,"d":"45.47"},100,"участник","Афоньшин Владимир Викторович","МБОУ \"Лицей №145\""]
[178,"Авиастроительный район","МБОУ \"Школа №60\"","Косов","М.","М.","м",7,7,{"v":42.616279069767444,"d":"42.62"},100,"участник","Семагина Светлана Владимировна","МБОУ \"Школа №60\""]
[179,"Ново-Савиновский район","МБОУ \"Гимназия №13\"","Каюмов","Р.","Р.","м",7,7,{"v":42.11131386861314,"d":"42.11"},100,"участник","Анна Александровна","МБОУ \"Гимназия №13\" Ново-Савиновского района г.Казани"]
[180,"Советский район","МБОУ \"Школа №22-Центр образования\"","Рыжов","Д.","М.","м",7,7,{"v":38.86047717842324,"d":"38.86"},100,"участник","Жиряева Рахиля Рашитовна","МБОУ \"Школа №22-Центр образования\""]
[181,"Ново-Савиновский район","МБОУ \"Гимназия №107\"","Шайхиев","А.","А.","м",8,8,{"v":31.414440203562343,"d":"31.41"},100,"участник","Насырова Альфия Максутовна","МБОУ Гимназия \"107 Открытие\"."]
[182,"Советский район","МБОУ \"Многопрофильная полилингвальная гимназия №180\"","Смирнов","Н.","И.","м",7,7,{"v":24.427083333333336,"d":"24.43"},100,"участник","Кудряшов Вячеслав Валерьевич","МБОУ \"Многопрофильная полилингвальная гимназия №180\""]
[183,"Кировский район","МБОУ \"Школа №57\"","Черных","М.","В.","м",8,8,{"v":24.425424628450106,"d":"24.43"},100,"участник","Коробова Татьяна Геннадиевна","МБОУ \"Школа №57\""]
[184,"Авиастроительный район","МБОУ \"Школа№77\"","Абдрахманов","Э.","И.","м",8,8,{"v":10.9375,"d":"10.94"},100,"участник","Королев Андрей Анатольевич","МБОУ \"Школа№77\""]
[185,"Ново-Савиновский район","МАОУ \"Лицей №146 \"Ресурс\"","Асманов","А.","А.","м",7,7,{"v":9.375,"d":"9.38"},100,"участник","Королева Ирина Николаевна","МАОУ \"Лицей № 146 \"Ресурс\""]
[186,"Московский район","МБОУ \"Татарская гимназия №2 при КФУ\"","Габидуллин","Х.","Д.","м",7,7,{"v":8.125,"d":"8.13"},100,"участник","Хабибуллин Бакый Габдулхаевич","МБОУ \"Татарская гимназия №2 при КФУ\""]
[187,"Приволжский район","МБОУ \"Школа №129\"","Сафиуллин","Я.","А.","м",8,8,{"v":6.875,"d":"6.88"},100,"участник","Хабибуллин Равкат Якубович","МБОУ\"Школа №129\""]
[188,"Советский район","МБОУ \"Многопрофильный лицей №187\"","Мартынова","В.","П.","ж",9,9,{"v":89.02287111446208,"d":"89.02"},100,"Победитель","Шмыков Николай Александрович","МБОУ \"Многопрофильный лицей №187\""]
[189,"Советский район","МБОУ \"Многопрофильный лицей №187\"","Шайхетдинова","З.","Л.","ж",10,10,{"v":88.99629265347099,"d":"89.00"},100,"Победитель","Шмыкова Миндания Рашидовна","МБОУ \"Многопрофильный лицей №187\""]
[190,"Советский район","МБОУ \"Многопрофильный лицей №187\"","Андреянова","А.","А.","ж",8,9,{"v":88.9143732517897,"d":"88.91"},100,"Победитель","Шмыков Николай Александрович","МБОУ \"Многопрофильный лицей №187\""]
[191,"Ново-Савиновский район","МБОУ \"Школа №132\"","Гиниятова","К.","Р.","ж",11,11,{"v":88.74749428045848,"d":"88.75"},100,"Победитель","Хубатуллина Альбина Ильгизовна","МБОУ \"СОШ 132\""]
[192,"Ново-Савиновский район","МБОУ \"Гимназия №7\"","Раимова","С.","Т.","ж",10,10,{"v":88.62153598238254,"d":"88.62"},100,"Победитель","Игошин Вячеслав Юрьевич","МБОУ \"Гимназия №7\""]
[193,"Советский район","МБОУ \"Лицей №149\"","Канипова","С.","Н.","ж",9,9,{"v":86.33873845401956,"d":"86.34"},100,"призер","Бурханова Гульчачак Гаптерауфовна","МБОУ \"Лицей №149\""]
[194,"Советский район","МБОУ \"Школа №15\"","Аюпова","А.","А.","ж",10,10,{"v":86.02743485878705,"d":"86.03"},100,"призер","Каримов Марат Рамилевич","МБОУ \"Татарская гимназия №15\""]
[195,"Московский район","МБОУ \"Гимназия №75\"","Щеглова","Д.","Н.","ж",11,11,{"v":84.99194545017302,"d":"84.99"},100,"призер","Толометова Эльвира Флитовна","Гимназия № 75"]
[196,"Ново-Савиновский район","МБОУ \"Школа №113\"","Винокурова","Н.","А.","ж",8,9,{"v":84.80842631392052,"d":"84.81"},100,"призер","Рыжов Александр Васильевич","МБОУ \"Школа 113\""]
[197,"Ново-Савиновский район","ГАОУ \"Адымнар - Казань\" (ул. А.Бичурина)","Ахмадуллина","Д.","Р.","ж",10,10,{"v":84.42213472695406,"d":"84.42"},100,"призер","Кривова Ирина Владимировна","ГАОУ \"Адымнар - Казань\" (ул. А.Бичурина)"]
[198,"Приволжский район","СУНЦ IT-лицей КФУ","Винокурова","М.","М.","ж",8,9,{"v":83.94094718749247,"d":"83.94"},100,"призер","Чапурин Артем Игоревич","СУНЦ IT-лицей КФУ"]
[199,"Советский район","МБОУ \"Школа №15\"","Цаллагова","А.","О.","ж",8,9,{"v":83.68199201974018,"d":"83.68"},100,"призер","Каримов Марат Рамилевич","МБОУ \"Школа №15\""]
[200,"Советский район","МБОУ \"Лицей №149\"","Бадрутдинова","С.","А.","ж",9,9,{"v":83.32351055073796,"d":"83.32"},100,"призер","Джантиев Энвер Серверович","МБОУ \"Лицей №149\""]
[201,"Советский район","МБОУ \"Лицей №79\"","Мукминова","Р.","Р.","ж",9,9,{"v":83.21456202368942,"d":"83.21"},100,"призер","Киямов Айнур Айратович","МБОУ \"Лицей №79\""]
[202,"Советский район","МБОУ \"Лицей №149\"","Исмагилова","М.","Ф.","ж",9,9,{"v":82.64213986498957,"d":"82.64"},100,"призер","Закиров Ранис Раисович","МБОУ \"Лицей №149\""]
[203,"Авиастроительный район","МБОУ \"Гимназия №33\"","Маланьева","Ю.","В.","ж",11,11,{"v":81.7306354391812,"d":"81.73"},100,"призер","Аввакумова Екатерина Викторовна","МБОУ Гимназия 33"]
[204,"Ново-Савиновский район","МБОУ \"Гимназия №179-центр образования\"","Растатурина","Р.","А.","ж",10,10,{"v":81.52868769806972,"d":"81.53"},100,"призер","Данияр Данисланович","МБОУ \"Гимназия №179-центр образования\""]
[205,"Вахитовский район","МБОУ \"Лицей №5\"","Толометова","С.","А.","ж",11,11,{"v":81.18754721833761,"d":"81.19"},100,"призер","Марценюк Ольга Сергеевна","МБОУ \"Лицей № 5\""]
[206,"Приволжский район","МБОУ \"Лицей №186-\"Перспектива\"","Менжулова","К.","А.","ж",9,9,{"v":81.01672300514188,"d":"81.02"},100,"призер","Гатауллин Айрат Хусаинович","МБОУ \"Лицей №186 - \"Перспектива\""]
[207,"Советский район","МАОУ \"Лицей №121\"","Исламова","Д.","Р.","ж",11,11,{"v":80.51748984083382,"d":"80.52"},100,"призер","Слободчиков Сергей Львовоич","МАОУ \"Лицей №121\""]
[208,"Советский район","МБОУ \"Лицей №159 имени С.Х.Загидуллиной\"","Валиахметова","А.","И.","ж",11,11,{"v":80.10891187165306,"d":"80.11"},100,"призер","Барлев Виктор Александрович","МБОУ \"Лицей №159 имени С.Х.Загидуллиной\""]
[209,"Ново-Савиновский район","МБОУ \"Лицей №170\"","Асмадьярова","А.","А.","ж",10,10,{"v":80.08285444720816,"d":"80.08"},100,"призер","Сусленкова Юлия Владимировна","МБОУ \"Лицей №170\""]
[210,"Приволжский район","МБОУ \"Лицей №83-Центр образования\"","Константинова","К.","В.","ж",11,11,{"v":79.71930144482812,"d":"79.72"},100,"призер","Тамазашвили Мария Андреевна","МБОУ \"Лицей №83-Центр Образования\""]
[211,"Ново-Савиновский район","МБОУ \"Гимназия №7\"","Сухарникова","В.","М.","ж",11,11,{"v":79.32020961701099,"d":"79.32"},100,"призер","Игошин Вячеслав Юрьевич","Муниципальное бюджетное общеобразовательное учреждение \"Гимназия №7 имени Героя Росии А.В. Козина\""]
[212,"Приволжский район","МБОУ \"Гимназия №18\"","Мифтахова","А.","А.","ж",10,10,{"v":79.17309904018691,"d":"79.17"},100,"призер","Абдуллин Фанис Фердинантович","МБОУ \"Гимназия №18\""]
[213,"Советский район","МАОУ \"Лицей №121\"","Зискина","Д.","Д.","ж",10,10,{"v":79.1233806103027,"d":"79.12"},100,"призер","Слободчиков Сергей Львовоич","МАОУ \"Лицей №121\""]
[214,"Кировский район","МБОУ \"Многопрофильная гимназия №189 \"Заман\"","Нурутдинова","З.","Р.","ж",11,11,{"v":79.12110153611735,"d":"79.12"},100,"призер","Сорокин Александр Иванович","МБОУ «Многопрофильная гимназия №189 “Заман”»"]
[215,"Ново-Савиновский район","МБОУ \"Школа №9\"","Гарифуллина","А.","Э.","ж",10,10,{"v":79.11929740172292,"d":"79.12"},100,"призер","Стариков Андрей Иванович","МБОУ \"Школа №9\""]
[216,"Московский район","МБОУ \"Школа №99\"","Синичкина","Д.","Д.","ж",11,11,{"v":78.40688681201893,"d":"78.41"},100,"призер","Горулева Светлана Александровна","МБОУ \"Школа №99\""]
[217,"Кировский район","МБОУ \"Многопрофильная гимназия №189 \"Заман\"","Беляева","А.","Д.","ж",9,9,{"v":78.31780708384413,"d":"78.32"},100,"призер","Сорокин Александр Иванович","МБОУ «Многопрофильная гимназия №189 “Заман”»"]
[218,"Вахитовский район","МБОУ \"Лицей №5\"","Фасикова","С.","А.","ж",10,10,{"v":77.75148236357697,"d":"77.75"},100,"призер","Ольга Сергеевна","МБОУ \"Лицей №5\""]
[219,"Авиастроительный район","МБОУ \"Школа№77\"","Кудрявцева","Н.","В.","ж",10,10,{"v":77.69102610750944,"d":"77.69"},100,"призер","Королев Андрей Анатольевич","МБОУ \"Школа№77\""]
[220,"Приволжский район","МБОУ \"Лицей №186-\"Перспектива\"","Романова","М.","В.","ж",10,10,{"v":77.56992949255726,"d":"77.57"},100,"призер","Сабирзянов Рустем Нагимуллович","МБОУ \"Лицей №186-\"Перспектива\""]
[221,"Приволжский район","МАОУ \"Гимназия №19\"","Шайхетдинова","Г.","И.","ж",9,9,{"v":77.29363205413523,"d":"77.29"},100,"призер","Хамидуллин Динар Фаилевич","МАОУ\"Гимназия №19\" Приволжского района г. Казани"]
[222,"Московский район","МБОУ \"Татарская гимназия №2 при КФУ\"","Галиева","З.","Э.","ж",9,9,{"v":76.7767609268461,"d":"76.78"},100,"призер","Хабибуллин Баки Габдулханович","МБОУ \"Татарская гимназия №2 при КФУ\""]
[223,"Ново-Савиновский район","МБОУ \"Школа №9\"","Иванова","Д.","П.","ж",10,10,{"v":76.77574888339902,"d":"76.78"},100,"призер","Стариков Андрей Иванович","МБОУ \"Школа №9\""]
[224,"Ново-Савиновский район","МБОУ \"Лицей №177\"","Мухаммадиева","А.","И.","ж",10,10,{"v":76.48324292909726,"d":"76.48"},100,"призер","Файзрахманов Айрат Якубович","МБОУ \"Лицей №177\""]
[225,"Советский район","МАОУ \"Многопрофильный лицей №11\"","Чугунова","К.","В.","ж",9,9,{"v":76.02432334786164,"d":"76.02"},100,"призер","Розанова Малика Сабуровна","МАОУ \"Многопрофильный лицей №11\""]
[226,"Авиастроительный район","МБОУ \"Школа №54\"","Полюшкина","А.","Н.","ж",11,11,{"v":76.00661319576943,"d":"76.01"},100,"призер","Сафин Ильдар Гусманович","МБОУ \"Школа № 54\""]
[227,"Приволжский район","МБОУ \"Гимназия №6\"","Куликова","В.","Е.","ж",9,9,{"v":75.65239825643117,"d":"75.65"},100,"призер","Кокуркина Любовь Семеновна","МБОУ \"Гимназия №6\" Приволжского района г. Казани"]
[228,"Советский район","МБОУ \"Гимназия №175\"","Лызова","К.","В.","ж",8,9,{"v":75.48731089945278,"d":"75.49"},100,"призер","Кириллова Ольга Владимировна","МБОУ \"Гимназия №175\""]
[229,"Советский район","МБОУ \"Гимназия №183\"","Хайрутдинова","Д.","И.","ж",8,9,{"v":75.37172284644195,"d":"75.37"},100,"призер","Морозова Анастасия Дмитриевна","МБОУ \"Гимназия №183\""]
[230,"Московский район","МБОУ \"Гимназия №9\"","Арсланова","Э.","Р.","ж",9,9,{"v":75.0950174866074,"d":"75.10"},100,"призер","Фатхутдинов Марат Русланович","МБОУ \"Гимназия №9\""]
[231,"Ново-Савиновский район","МАОУ \"Лицей №146 \"Ресурс\"","Осипова","В.","Г.","ж",9,9,{"v":75.04825208400719,"d":"75.05"},100,"призер","Белянин Алексей Анатольевич","МАОУ \"Лицей № 146 \"Ресурс\""]
[232,"Советский район","МАОУ \"Лицей №121\"","Гимадеева","Д.","Т.","ж",9,9,{"v":75.04621067609588,"d":"75.05"},100,"призер","Слободчиков Сергей Львовоич","МАОУ \"Лицей №121\""]
[233,"Советский район","МБОУ \"Гимназия №184\"","Пинегина","Д.","Е.","ж",11,11,{"v":75.04599720366298,"d":"75.05"},100,"призер","Гаязова Люция Ансаровна","МБОУ \"Гимназия №184\""]
[234,"Приволжский район","МБОУ \"Школа №68\"","Шакирова","Я.","И.","ж",10,10,{"v":75.01454721630425,"d":"75.01"},100,"призер","Хортов Сергей Геннадьевич","МБОУ \"Школа №68\""]
[235,"Советский район","МБОУ \"Лицей №149\"","Шафигуллина","А.","А.","ж",11,11,{"v":74.69530010466738,"d":"74.70"},100,"призер","Бурханова Гульчачак Гаптерауфовна","МБОУ \"Лицей №149\""]
[236,"Советский район","МБОУ \"Многопрофильная школа №181\"","Фазлыева","Л.","Р.","ж",11,11,{"v":74.69259030137579,"d":"74.69"},100,"призер","Бутовецкая Ольга Николаевна","МБОУ \"Многопрофильная школа №181\""]
[237,"Авиастроительный район","МБОУ \"Гимназия №33\"","Гафиятуллина","А.","Р.","ж",10,10,{"v":74.5269220500658,"d":"74.53"},100,"призер","Крымов Николай Евгеньевич","МБОУ \"Гимназия №33\""]
[238,"Советский район","МАОУ \"Лицей - инженерный центр\"","Якубова","Д.","Р.","ж",9,9,{"v":74.38654949661547,"d":"74.39"},100,"призер","Николаев Никита Николаевич","МАОУ \"Лицей - инженерный центр\""]
[239,"Ново-Савиновский район","МБОУ \"Школа №132\"","Сафина","З.","Ф.","ж",9,9,{"v":74.25720022329479,"d":"74.26"},100,"призер","Хисамова Гелюся Замиловна","МБОУ \"СОШ 132\""]
[240,"Приволжский район","МБОУ \"Лицей №35\"","Гиниатуллина","А.","А.","ж",10,10,{"v":74.1793839479121,"d":"74.18"},100,"призер","Мансуров Дмитрий Андреевич","МБОУ \"Лицей №35\""]
[241,"Советский район","МБОУ \"Лицей №149\"","Фасахиева","З.","И.","ж",9,10,{"v":73.90738460884907,"d":"73.91"},100,"призер","Закиров Ранис Раисович","МБОУ \"Лицей №149\""]
[242,"Приволжский район","МБОУ \"Гимназия №16\"","Сафина","С.","Д.","ж",11,11,{"v":73.776207633767,"d":"73.78"},100,"призер","Ибрагимов Аяз Айратович","МБОУ \"Татаро-английская гимназия № 16\""]
[243,"Приволжский район","МБОУ \"Многопрофильный лицей №133\"","Лукина","Ю.","В.","ж",11,11,{"v":73.6206062297904,"d":"73.62"},100,"участник","Лапаскин Евгений Викторович","МБОУ \"Школа №133\""]
[244,"Советский район","МБОУ \"Гимназия №175\"","Нуруллина","Д.","Р.","ж",11,11,{"v":73.47604614442395,"d":"73.48"},100,"участник","Сабиров Рамиль Габделфартович","МБОУ \"Гимназия №175\""]
[245,"Приволжский район","МБОУ \"Многопрофильный лицей №133\"","Голикова ","С.","В.","ж",11,11,{"v":73.21343845543373,"d":"73.21"},100,"участник","Набаев Евгений Викторович","МБОУ \"Школа №133\""]
[246,"Приволжский район","МБОУ \"Лицей №35\"","Афанасьева","А.","А.","ж",11,11,{"v":72.97261856079257,"d":"72.97"},100,"участник","Хузиахметова Ирина Ильинична","МБОУ \"Лицей №35 - образовательный центр \"Галактика\""]
[247,"Ново-Савиновский район","МБОУ \"Гимназия №13\"","Хисматуллина","М.","Р.","ж",11,11,{"v":72.84562265917603,"d":"72.85"},100,"участник","Баранова Альбина Альбертовна","МБОУ \"Гимназия №13\" Ново-Савиновского района г.Казани"]
[248,"Советский район","МБОУ \"Многопрофильная школа №181\"","Ситсали","А.","В.","ж",10,10,{"v":72.63851376220462,"d":"72.64"},100,"участник","Бутовецкая Ольга Николаевна","МБОУ \"Многопрофильная школа №181\""]
[249,"Советский район","МБОУ \"Гимназия №126\"","Севастьянова","К.","Д.","ж",9,9,{"v":72.4557710120414,"d":"72.46"},100,"участник","Борисов Михаил Алексеевич","МБОУ \"Гимназия №126\""]
[250,"Кировский район","МБОУ \"Многопрофильная гимназия №189 \"Заман\"","Масгутова","А.","Ф.","ж",10,10,{"v":72.25166668711054,"d":"72.25"},100,"участник","Сорокин Александр Иванович","МБОУ \"Многопрофильная гимназия №189 \"Заман\""]
[251,"Московский район","МБОУ \"Школа №55\"","Ишалина","Л.","М.","ж",10,10,{"v":71.15743417742746,"d":"71.16"},100,"участник","Евдокимов Андрей Викторович","МБОУ \"Школа №55\""]
[252,"Советский район","МАОУ \"Лицей - инженерный центр\"","Исмагилова","С.","М.","ж",9,9,{"v":71.09471997779175,"d":"71.09"},100,"участник","Николаев Никита Николаевич","МАОУ \"Лицей - инженерный центр\""]
[253,"Советский район","МБОУ \"Лицей №185\"","Шигапова","Л.","А.","ж",8,9,{"v":70.6475156741426,"d":"70.65"},100,"участник","Бикбуллин Динар Мунирович","МБОУ \"Лицей №185\""]
[254,"Советский район","МБОУ \"Лицей №95\"","Хворова","Д.","Д.","ж",9,9,{"v":70.64228988182086,"d":"70.64"},100,"участник","Фархат Ирекович","МБОУ \"Лицей №95\""]
[255,"Кировский район","МБОУ  \"Школа №32\"","Гарифуллина","Р.","Л.","ж",9,9,{"v":70.48840438982549,"d":"70.49"},100,"участник","Антонов Игорь Андреевич","МБОУ Школа № 32"]
[256,"Приволжский район","МБОУ \"Лицей №35\"","Колесникова","Ю.","И.","ж",9,9,{"v":70.16211921366663,"d":"70.16"},100,"участник","Хузиахметова Ирина Ильинична","МБОУ \"Лицей №35 - образовательный центр \"Галактика\""]
[257,"Приволжский район","МБОУ \"Лицей №78 \"Фарватер\"","Зиганшина","С.","И.","ж",9,9,{"v":70.06289478735609,"d":"70.06"},100,"участник","Набиев Ленар Ринатович","МБОУ \"Лицей №78 \"Фарватер\""]
[258,"Приволжский район","МБОУ \"Гимназия №6\"","Морозкина","Н.","В.","ж",11,11,{"v":69.49673184961107,"d":"69.50"},100,"участник","Кокуркина Любовь Семеновна","МБОУ \"Гимназия №6\" Приволжского района г. Казани"]
[259,"Советский район","МБОУ \"Школа №167\"","Герасёва","Д.","Д.","ж",9,9,{"v":69.42596032660296,"d":"69.43"},100,"участник","Асгат Хатипович","МБОУ \"Школа №167\""]
[260,"Ново-Савиновский район","МБОУ \"Лицей №177\"","Шалаганова","В.","А.","ж",9,9,{"v":69.3874200768562,"d":"69.39"},100,"участник","Ярохно Анатолий Дмитриевич","МБОУ Лицей 177"]
[261,"Ново-Савиновский район","МБОУ \"Гимназия №155\"","Миннуллина","Р.","Р.","ж",10,10,{"v":69.31780937755143,"d":"69.32"},100,"участник","Галеев Марсель Вазихович","МБОУ \"Гимназия №155\""]
[262,"Советский район","МБОУ \"Гимназия №125\"","Лапина","С.","Д.","ж",9,9,{"v":69.01622317756357,"d":"69.02"},100,"участник","Пономарев Артем Александрович","МБОУ \"Гимназия №125\""]
[263,"Советский район","МБОУ \"Многопрофильная полилингвальная гимназия №180\"","Гильмутдинова","А.","Р.","ж",11,11,{"v":68.31766126728549,"d":"68.32"},100,"участник","Яшина Людмила Анатольевна","МБОУ \"Многопрофильная полилингвальная гимназия №180\""]
[264,"Ново-Савиновский район","МБОУ \"Лицей №23\"","Кисаметдинова","Я.","Р.","ж",9,9,{"v":67.87084519020397,"d":"67.87"},100,"участник","Алимова Алина Сергеевна","МБОУ \"Лицей №23\""]
[265,"Вахитовский район","МАОУ \"Школа №39\"","Сулейманова","М.","Я.","ж",11,11,{"v":67.25770018375262,"d":"67.26"},100,"участник","Адель Линарович","МАОУ \"Школа №39\""]
[266,"Советский район","МБОУ \"Школа №169\"","Перетурина","Д.","С.","ж",9,9,{"v":67.04087916664731,"d":"67.04"},100,"участник","Гайфуллин Айдар Ришатович","МБОУ \"Школа №169\""]
[267,"Приволжский район","МБОУ \"Лицей №83-Центр образования\"","Галиева","Я.","И.","ж",11,11,{"v":66.5225428730752,"d":"66.52"},100,"участник","Тамазашвили Мария Андреевна","МБОУ \"Лицей №83-Центр Образования\""]
[268,"Кировский район","МБОУ \"Школа №153\"","Раскопина","Е.","О.","ж",10,10,{"v":66.0537636804031,"d":"66.05"},100,"участник","Лариса Анатольевна","МБОУ \"Школа №153\""]
[269,"Приволжский район","МБОУ \"Школа №173\"","Фатучева","Р.","Р.","ж",11,11,{"v":65.7769857006473,"d":"65.78"},100,"участник","Тагирова Римма Шамильевна","МБОУ \"Школа №173\""]
[270,"Кировский район","МБОУ \"Школа №70\"","Шигапова","Э.","А.","ж",10,10,{"v":65.60159176029961,"d":"65.60"},100,"участник","Арина Владимировна","МБОУ \"Школа №70\""]
[271,"Авиастроительный район","МБОУ \"Гимназия №36\"","Шарипова","А.","А.","ж",9,9,{"v":65.52671897414587,"d":"65.53"},100,"участник","Газизуллина Аделия Рамилевна","МБОУ \"Гимназия№36\" Авиастроительного района г.Казани"]
[272,"Авиастроительный район","МБОУ \"Школа №62\"","Султанбекова","К.","Т.","ж",8,9,{"v":65.11159521177606,"d":"65.11"},100,"участник","Косова Любовь Николаевна","МБОУ \"Школа №62\" Авиастроительного района г.Казани"]
[273,"Приволжский район","МБОУ \"Школа №10\"","Семёнова","А.","Д.","ж",10,10,{"v":64.67038484929529,"d":"64.67"},100,"участник","Габдрахманов Рафис Рашидович","МБОУ \"Школа №10\""]
[274,"Приволжский район","МБОУ \"Гимназия №52\"","Аухадиева","И.","М.","ж",9,9,{"v":64.2800892135264,"d":"64.28"},100,"участник","Михеев Эдуард Рафаэлович","МБОУ \"Гимназия №52\" Приволжского района г.Казани"]
[275,"Кировский район","МБОУ \"Татарская гимназия №15\"","Никитина","Э.","Н.","ж",10,10,{"v":63.24625533323429,"d":"63.25"},100,"участник","Марсель Раисович","МБОУ \"Татарская гимназия №15\""]
[276,"Московский район","МБОУ \"Школа №64\"","Хидирова","М.","З.","ж",9,9,{"v":62.96913713627197,"d":"62.97"},100,"участник","Драгунов Кирилл Александрович","МБОУ \"Школа №64\""]
[277,"Кировский район","МБОУ \"Школа №137\"","Москвина","Е.","А.","ж",11,11,{"v":61.937888812583594,"d":"61.94"},100,"участник","Хайруллина Лейсан Рустэмовна","МБОУ \"Школа № 137\""]
[278,"Авиастроительный район","МБОУ \"Школа №60\"","Храмова","А.","А.","ж",9,9,{"v":61.35311410310083,"d":"61.35"},100,"участник","Шарифуллин Рустем Ризванович","МБОУ \"Школа №60\""]
[279,"Приволжский район","МБОУ \"Школа №100-Центр образования\"","Зимина","С.","И.","ж",11,11,{"v":59.75505934610722,"d":"59.76"},100,"участник","Якупов Ильмир Ильсурович","МБОУ \"Школа №100 - ЦО\""]
[280,"Приволжский район","МБОУ \"Школа №68\"","Ибрагимова","С.","А.","ж",11,11,{"v":59.74878270129331,"d":"59.75"},100,"участник","Хуртов Сергей Геннадьевич","МБОУ \"Школа №68\""]
[281,"Московский район","МБОУ \"Гимназия №20 \"Гармония\"","Фахриева","Э.","Н.","ж",9,9,{"v":58.93067060335165,"d":"58.93"},100,"участник","Баранов Максим Викторович","МБОУ \"Гимназия №20 \"Гармония\"\" Московского района г. Казани"]
[282,"Вахитовский район","МБОУ \"Гимназия №27\"","Габдрашитова","Г.","Ф.","ж",10,10,{"v":58.359972374711624,"d":"58.36"},100,"участник","Галлиуллин Камиль Масхутович","МБОУ \"Гимназия №27\""]
[283,"Кировский район","МБОУ \"Лицей №182\"","Кабанова","А.","С.","ж",9,9,{"v":57.110534876637786,"d":"57.11"},100,"участник","Каргин Александр Сергеевич","МбОУ \"Лицей №182\""]
[284,"Приволжский район","МБОУ \"Школа №24\"","Ульянова","К.","И.","ж",10,10,{"v":56.834290017912394,"d":"56.83"},100,"участник","Сенюхин Сергей Геннадьевич","МБОУ \"Школа №24\""]
[285,"Кировский район","МАОУ \"Гимназия-интернат №4\"","Сафина","Р.","Р.","ж",9,9,{"v":56.78466547497446,"d":"56.78"},100,"участник","Вафина Резеда Равилевна","МАОУ \"Гимназия-интернат №4\" Кировского района города Казани"]
[286,"Московский район","МБОУ \"Гимназия №75\"","Лаишевская","К.","Ф.","ж",9,9,{"v":56.33826576222664,"d":"56.34"},100,"участник","Толометова Эльвира Флитовна","Гимназия № 75"]
[287,"Московский район","МБОУ \"Гимназия №9\"","Шавалиева","К.","М.","ж",9,9,{"v":56.13905623264869,"d":"56.14"},100,"участник","Фатхутдинов Марат Русланович","МБОУ \"Гимназия №9\""]
[288,"Приволжский район","МБОУ \"Гимназия №21\"","Корноухова","М.","Е.","ж",10,10,{"v":55.05904661272917,"d":"55.06"},100,"участник","Хафизов Ильшат Исхакович","МБОУ \"Гимназия №21\""]
[289,"Советский район","МБОУ \"Школа №72\"","Розанова","Е.","Ю.","ж",10,10,{"v":53.295236963487554,"d":"53.30"},100,"участник","Магометрагимов Вадим Рахманович","МБОУ \"Школа №72\""]
[290,"Советский район","МБОУ \"Школа №84\"","Елуфимова","В.","Р.","ж",10,10,{"v":52.671462908609854,"d":"52.67"},100,"участник","Гумеров Руслан Ренатович","МБОУ \"Школа №84\""]
[291,"Ново-Савиновский район","МБОУ \"Школа №49\"","Тимергаянова","К.","А.","ж",10,10,{"v":51.36590089975243,"d":"51.37"},100,"участник","Зиганшин Артур Рамилевич","МБОУ \"Школа №49\""]
[292,"Кировский район","МБОУ \"Гимназия №4\"","Гуськова","М.","А.","ж",10,10,{"v":49.89887640449438,"d":"49.90"},100,"участник","Постомарова Валерия Артемовна","МБОУ \"Гимназия №4\""]
[293,"Приволжский район","МБОУ \"Школа №42 имени Героя России Д.Р.Гилемханова\"","Лобынцева","А.","А.","ж",9,9,{"v":46.6792377583576,"d":"46.68"},100,"участник","Рязанова Лейла Аниловна","МБОУ \" Школа №42 имени Героя России Д.Р.Гилемханова\""]
[294,"Кировский район","МБОУ \"Гимназия №50\"","Танышева","А.","С.","ж",10,10,{"v":46.01367677041158,"d":"46.01"},100,"участник","Хайрутдинов Тимур Рустемович","МБОУ \"Гимназия №50\""]
[295,"Вахитовский район","МАОУ \"Лицей №131\"","Любимова","А.","С.","ж",10,10,{"v":43.524348229378916,"d":"43.52"},100,"участник","Татьяна Николаевна, Ринат Фазылович ","МАОУ \"Лицей №131\""]
[296,"Приволжский район","МБОУ \"Школа №129\"","Егорова","С.","А.","ж",11,11,{"v":43.0308715411566,"d":"43.03"},100,"участник","Абзалов Гумер Миншакирович","МБОУ\"Школа №129\""]
[297,"Ново-Савиновский район","МБОУ \"Школа №143\"","Сиразиева","Э.","Р.","ж",10,10,{"v":40.89275265992207,"d":"40.89"},100,"участник","Ильшат Ришатович","МБОУ \"Школа №143\""]
[298,"Советский район","МАОУ \"Гимназия №141\"","Алаторцева","А.","Д.","ж",9,9,{"v":37.900616516106226,"d":"37.90"},100,"участник","Хабибуллин Ильсур Мансурович","МАОУ \"Гимназия №141\""]
[299,"Вахитовский район","МБОУ \"Лицей №116 имени Героя Советского Союза А.С.Умеркина\"","Мустафина","С.","И.","ж",10,10,{"v":37.76514113455741,"d":"37.77"},100,"участник","Чайников Владимир Владимирович","МБОУ \"Лицей №116 имени Героя Советского Союза А.С.Умеркина\""]
[300,"Советский район","МБОУ \"Гимназия №175\"","Валиуллина","Д.","А.","ж",11,11,{"v":21.629213483146067,"d":"21.63"},100,"участник","Сабиров Рамиль Габделфартович","Гимназия №175"]
[301,"Московский район","МБОУ \"Гимназия №20 \"Гармония\"","Филипова","П.","А.","ж",10,10,{"v":21.11111111111111,"d":"21.11"},100,"участник","Барлев Виктор Александрович","МБОУ \"Лицей №159 им.С.Х.Загидуллиной\""]
[302,"Советский район","МБОУ \"Гимназия №174\"","Артамонова","С.","Р.","ж",9,9,{"v":17.696629213483146,"d":"17.70"},100,"участник","Алексеев Руслан Валерьевич","МБОУ \"Гимназия №174\""]
[303,"Советский район","МБОУ \"Школа №171\"","Сафина","З.","Р.","ж",10,10,{"v":15.730337078651685,"d":"15.73"},100,"участник","Абузяров Альфис Асфирович","МБОУ \"Школа №171\""]
[304,"Авиастроительный район","МБОУ \"Школа №54\"","Саликиева","А.","А.","ж",9,9,{"v":12.640449438202246,"d":"12.64"},100,"участник","Шинкарева Лидия Викторовна","МБОУ \"Школа № 54\""]
[305,"Московский район","МБОУ \"Гимназия №12 имени Ф.Г.Аитовой\"","Нигматзянова","Р.","И.","ж",9,9,{"v":8.146067415730338,"d":"8.15"},100,"участник","Шагимарданова Раиля Рамилевна","Гимназия №12"]
[306,"Кировский район","МБОУ \"Школа №57\"","Беккер","В.","А.","ж",11,11,{"v":8.146067415730338,"d":"8.15"},100,"участник","Коробова Татьяна Геннадиевна","МБОУ \"Школа №57\""]
[307,"Ново-Савиновский район","МБОУ \"Школа №71\"","Туманова","В.","В.","ж",11,11,{"v":7.865168539325842,"d":"7.87"},100,"участник","Азат Газизович","МБОУ \"Школа №71\" г.Казани"]
[308,"Московский район","МБОУ \"Школа №34\"","Михайлова","А.","Ю.","ж",9,9,{"v":4.775280898876405,"d":"4.78"},100,"участник","Ксения Руслановна","МБОУ \"Средняя общеобразовательная татарско-русская школа №34\" Московского района г.Казани"]
[309,"Приволжский район","СУНЦ IT-лицей КФУ","Сулейманов","И.","А.","м",9,9,{"v":88.42893885258489,"d":"88.43"},100,"Победитель","Яшина Тамара Николаевна","СУНЦ IT-лицей КФУ"]
[310,"Советский район","МБОУ \"Лицей №149\"","Ханнанов","И.","М.","м",10,10,{"v":87.11980114734769,"d":"87.12"},100,"Победитель","Закиров Ранис Раисович","МБОУ \"Лицей №149\""]
[311,"Ново-Савиновский район","МБОУ \"Гимназия №7\"","Габдуллин","Р.","А.","м",10,10,{"v":85.73340534725669,"d":"85.73"},100,"Победитель","Игошин Вячеслав Юрьевич","МБОУ \"Гимназия №7\""]
[312,"Советский район","МБОУ \"Школа №15\"","Каналин","Р.","Л.","м",10,10,{"v":85.69052043920516,"d":"85.69"},100,"Победитель","Каримов Марат Рамилевич","МБОУ \"Школа №15\""]
[313,"Советский район","МБОУ \"Лицей №149\"","Саяров","К.","Р.","м",11,11,{"v":83.72193894362252,"d":"83.72"},100,"Победитель","Закиров Ранис Раисович","МБОУ \"Лицей №149 с татарским языком обучения\" Советского района г.Казани\""]
[314,"Советский район","МБОУ \"Многопрофильный лицей №187\"","Дульмухаметов","К.","М.","м",8,9,{"v":83.59586574474214,"d":"83.60"},100,"Победитель","Шмыков Николай Александрович","МБОУ \"Многопрофильный лицей №187\""]
[315,"Советский район","МБОУ \"Школа №15\"","Самойлов","Д.","В.","м",9,9,{"v":82.85668492426524,"d":"82.86"},100,"призер","Халиулина Алиса Ильгисовна","МБОУ \"Школа №15\""]
[316,"Советский район","МБОУ \"Лицей №149\"","Калимов","М.","Р.","м",9,9,{"v":82.84069731049486,"d":"82.84"},100,"призер","Закиров Ранис Раисович","МБОУ \"Лицей №149 с татарским языком обучения\" Советского района г.Казани\""]
[317,"Вахитовский район","ГБОУ \"ККШИ им. Героя Советского Союза Б.К. Кузнецова\"","Габдулхаков","И.","А.","м",11,11,{"v":82.61128552544614,"d":"82.61"},100,"призер","Шамаев Дмитрий Геннадьевич","ГБОУ \"Казанская кадетская школа-интернат им. Б.К. Кузнецова\""]
[318,"Советский район","МБОУ \"Лицей №79\"","Найденков","Л.","Е.","м",9,9,80.07,100,"призер","Киямов Айнур Айратович","Муниципальное бюджетное общеобразовательное учреждение \"Эколого-технологический лицей №79\"Советского района г.Казани"]
[319,"Вахитовский район","ФГКОУ \"Казанское суворовское военное училище\"","Ахмадуллин","Р.","И.","м",11,11,{"v":79.2268070600702,"d":"79.23"},100,"призер","Мусиенко Дмитрий Павлович","ФГКОУ \"Казанское суворовское военное училище МО РФ\""]
[320,"Советский район","МБОУ \"Лицей №149\"","Булатов","И.","Р.","м",11,11,{"v":78.39321263874446,"d":"78.39"},100,"призер","Закиров Ранис Раисович","МБОУ \"Лицей №149 с татарским языком обучения\" Советского района г.Казани\""]
[321,"Авиастроительный район","МБОУ \"Гимназия №36\"","Макаров","А.","Д.","м",11,11,{"v":78.06208930040982,"d":"78.06"},100,"призер","Газизуллина Аделия Рамилевна","МБОУ \"Гимназия№36\" Авиастроительного района г.Казани"]
[322,"Приволжский район","МАОУ \"Гимназия №19\"","Абдулхаков","Т.","А.","м",10,10,{"v":77.9374848386519,"d":"77.94"},100,"призер","Хамидуллин Динар Рафаэлович","МАОУ \"Гимназия №19\""]
[323,"Советский район","МБОУ \"Гимназия №183\"","Шарифуллин","А.","Р.","м",10,10,{"v":77.64332385372322,"d":"77.64"},100,"призер","Ишмутов Денис Геннадьевич","МБОУ \"Гимназия №183\""]
[324,"Кировский район","МБОУ \"Лицей №182\"","Гарин","Д.","И.","м",10,10,{"v":77.50315419811118,"d":"77.50"},100,"призер","Шингапов Руслан Ринатович","МБОУ \"Лицей №182\""]
[325,"Советский район","МБОУ \"Лицей №149\"","Шайхетдинов","Б.","Р.","м",10,10,{"v":77.16281999462988,"d":"77.16"},100,"призер","Закиров Ранис Раисович","МБОУ \"Лицей №149 с татарским языком обучения\" Советского района г.Казани\""]
[326,"Ново-Савиновский район","ГАОУ \"Адымнар - Казань\" (ул. А.Бичурина)","Шарипов","Р.","Я.","м",9,9,{"v":77.0879981334673,"d":"77.09"},100,"призер","Чагаев Ирек Ильдарович","ГАОУ \"Адымнар-Казань\""]
[327,"Ново-Савиновский район","МБОУ \"Гимназия №179-центр образования\"","Афиногенов","Б.","А.","м",10,10,{"v":76.65967776939755,"d":"76.66"},100,"призер","Хусаинов Данияр Динисламович","МБОУ \"Гимназия №179-центр образования\""]
[328,"Вахитовский район","ГБОУ \"ККШИ им. Героя Советского Союза Б.К. Кузнецова\"","Арифуллин","Г.","Р.","м",11,11,{"v":76.59710991731426,"d":"76.60"},100,"призер","Шамаев Дмитрий Геннадьевич","ГБОУ \"Казанская кадетская школа-интернат им. Б.К. Кузнецова\""]
[329,"Московский район","МБОУ \"Школа №34\"","Гарафутдинов","Т.","К.","м",10,10,{"v":76.43825728667862,"d":"76.44"},100,"призер","Идиятова Ксения Руслановна","МБОУ \"Школа №34\""]
[330,"Авиастроительный район","МБОУ \"Школа №147\"","Фролов","Р.","Д.","м",10,10,{"v":76.20144420551136,"d":"76.20"},100,"призер","Яшина Екатерина Юрьевна","МБОУ \"Школа №147\""]
[331,"Советский район","МБОУ \"Школа №86\"","Сайфуллин","Д.","А.","м",10,10,{"v":75.99390732095232,"d":"75.99"},100,"призер","Гарипов Марсель Исламович","МБОУ \"Школа №86\""]
[332,"Приволжский район","МБОУ \"Школа №24\"","Кузнецов","С.","В.","м",9,9,{"v":75.90547584414719,"d":"75.91"},100,"призер","Лукьянов Алексей Юрьевич","МБОУ \"Школа №24\""]
[333,"Советский район","МБОУ \"Лицей №149\"","Яхин","А.","Р.","м",9,10,{"v":75.70617412379204,"d":"75.71"},100,"призер","Закиров Ранис Раисович","МБОУ \"Лицей №149\""]
[334,"Приволжский район","МБОУ \"Гимназия №18\"","Ахтямов","Э.","Р.","м",10,10,{"v":75.52237661518865,"d":"75.52"},100,"призер","Абдуллин Фанис Фердинантович","МБОУ \"Гимназия №18\""]
[335,"Ново-Савиновский район","МБОУ \"Школа №132\"","Архипов","Н.","С.","м",10,10,{"v":75.35103417039505,"d":"75.35"},100,"призер","Хисамова Гелюся Замиловна","МБОУ \"СОШ 132\""]
[336,"Ново-Савиновский район","МБОУ \"Школа №132\"","Галимов","А.","А.","м",11,11,{"v":75.14066648677404,"d":"75.14"},100,"призер","Хубатуллина Альбина Ильгизовна","МБОУ \"СОШ 132\""]
[337,"Приволжский район","СУНЦ IT-лицей КФУ","Гараев","М.","Р.","м",9,9,{"v":74.82028333754272,"d":"74.82"},100,"призер","Лапаскина Ирина Павловна","СУНЦ IT-лицей КФУ"]
[338,"Авиастроительный район","МБОУ \"Школа №54\"","Галимов","Д.","И.","м",10,10,{"v":74.54940635602236,"d":"74.55"},100,"призер","Шинкарева Лидия Викторовна","МБОУ \"Школа №54\""]
[339,"Приволжский район","МБОУ \"Гимназия №21\"","Патранин","Д.","Р.","м",10,10,{"v":74.16692675821889,"d":"74.17"},100,"призер","Хафизов Ильшат Исхакович","МБОУ \"Гимназия №21\""]
[340,"Авиастроительный район","МБОУ \"Школа №147\"","Галимулин","С.","Н.","м",9,9,{"v":73.95761237399597,"d":"73.96"},100,"призер","Яшина Екатерина Юрьевна","Муниципальное бюджетное общеобразовательное учреждение \"Русско-татарская школа №147\" г.Казани Авиастроительного района"]
[341,"Вахитовский район","ГБОУ \"ККШИ им. Героя Советского Союза Б.К. Кузнецова\"","Хамидуллин","Н.","Н.","м",11,11,{"v":73.60998575724008,"d":"73.61"},100,"призер","Шамаев Дмитрий Геннадьевич","ГБОУ \"Казанская кадетская школа-интернат им. Б.К. Кузнецова\""]
[342,"Советский район","МБОУ \"Школа №15\"","Карпов","Б.","Ю.","м",10,10,{"v":73.51163202278266,"d":"73.51"},100,"призер","Халиуллина Алиса Ильгисовна","МБОУ \"Школа №15\""]
[343,"Ново-Савиновский район","МБОУ \"Школа №113\"","Захаров","А.","Д.","м",11,11,{"v":73.32966412058818,"d":"73.33"},100,"призер","Рыжов Александр Васильевич","МБОУ \"Школа 113\""]
[344,"Приволжский район","МБОУ \"Гимназия №16\"","Шарафиев","Д.","И.","м",11,11,{"v":72.48365947923511,"d":"72.48"},100,"призер","Ибрагимов Аяз Айратович","МБОУ \"Татаро-английская гимназия № 16\""]
[345,"Московский район","МБОУ \"Школа №34\"","Сафонов","Е.","В.","м",9,9,{"v":71.56509506475483,"d":"71.57"},100,"призер","Идиятова Ксения Руслановна","МБОУ \"Средняя общеобразовательная татарско-русская школа №34\" Московского района г.Казани"]
[346,"Советский район","МБОУ \"Многопрофильная полилингвальная гимназия №180\"","Виноградов","М.","Д.","м",9,9,{"v":71.49341816934597,"d":"71.49"},100,"призер","Тимофеев Илья Анатольевич","МБОУ «Многопрофильная полилингвальная гимназия №180»"]
[347,"Советский район","МАОУ \"Лицей №121\"","Куляев","А.","А.","м",10,10,{"v":71.15048404414584,"d":"71.15"},100,"призер","Слободчиков Сергей Львовоич","МАОУ \"Лицей №121\""]
[348,"Ново-Савиновский район","СУНЦ Инженерный лицей-интернат КНИТУ-КАИ","Нурмухаметов","А.","Ф.","М",8,9,{"v":70.84425311047649,"d":"70.84"},100,"призер","Павлова Энже Рафисовна","СУНЦ Инженерный лицей-интернат КНИТУ-КАИ"]
[349,"Московский район","МБОУ \"Гимназия №102 имени М.С.Устиновой\"","Хабибуллин","А.","И.","м",9,9,{"v":70.71120322827429,"d":"70.71"},100,"призер","Романова Ольга Анатольевна","МБОУ \"Гимназия №102 имени М.С.Устиновой\" Московского района г.Казани"]
[350,"Ново-Савиновский район","МБОУ \"Школа №113\"","Кудрявцев","М.","К.","м",9,9,{"v":70.0010248448885,"d":"70.00"},100,"призер","Рыжов Александр Васильевич","МБОУ \"Школа 113\""]
[351,"Ново-Савиновский район","МБОУ \"Лицей №177\"","Гаврилов","М.","А.","м",11,11,{"v":69.90298765680637,"d":"69.90"},100,"призер","Файзрахманов Айрат Якубович","МБОУ Лицей 177"]
[352,"Советский район","МБОУ \"Многопрофильная школа №181\"","Галимуллин","Р.","Н.","м",9,9,{"v":69.68293344655626,"d":"69.68"},100,"призер","Бутовецкая Ольга Николаевна","МБОУ \"Многопрофильная школа 181\""]
[353,"Ново-Савиновский район","МБОУ \"Гимназия №13\"","Рахматуллоев","Ё.","А.","м",11,11,{"v":69.53664883379682,"d":"69.54"},100,"призер","Баранова Альбина Альбертовна","МБОУ \"Гимназия №13\" Ново-Савиновского района г.Казани"]
[354,"Приволжский район","МБОУ \"Школа №24\"","Алимов","Г.","Т.","м",10,10,{"v":69.16363096817955,"d":"69.16"},100,"призер","Гайнуллин Айдар Талгатович","МБОУ \"Школа №24\""]
[355,"Приволжский район","МАОУ \"Гимназия №139-Центр образования\"","Кузнецов","Д.","М.","м",9,9,{"v":69.14542137485927,"d":"69.15"},100,"призер","Долгих Вячеслав Юрьевич","МАОУ \"Гимназия №139-ЦО\""]
[356,"Приволжский район","МБОУ \"Лицей №35\"","Муллахметов","А.","Р.","м",11,11,{"v":69.06813216434003,"d":"69.07"},100,"призер","Софьин Никита Игоревич","МБОУ \"Лицей №35 - образовательный центр \"Галактика\""]
[357,"Приволжский район","МБОУ \"Школа №173\"","Филатов","В.","М.","м",11,11,{"v":69.0147633616543,"d":"69.01"},100,"призер","Тагирова Римма Шамильевна","МБОУ \"Школа №173\""]
[358,"Авиастроительный район","МБОУ \"Школа№77\"","Саляхов","Д.","М.","м",9,9,{"v":68.77438365705108,"d":"68.77"},100,"призер","Королев Андрей Анатольевич","МБОУ \"Школа№77\""]
[359,"Московский район","МБОУ \"Гимназия №9\"","Мухутдинов","М.","Г.","м",10,10,{"v":68.57572056668295,"d":"68.58"},100,"призер","Зиновьева Евгения Владимировна","МБОУ \"Гимназия №9\""]
[360,"Московский район","МБОУ \"Гимназия №102 имени М.С.Устиновой\"","Макаров","П.","Е.","м",9,9,{"v":68.32308170428122,"d":"68.32"},100,"призер","Романова Ольга Анатольевна","МБОУ \"Гимназия №102 имени М.С.Устиновой\" Московского района г.Казани"]
[361,"Авиастроительный район","МБОУ \"Школа №119\"","Казаков","К.","А.","м",10,10,{"v":68.22727300175134,"d":"68.23"},100,"призер","Павлова Альбина Николаевна","МБОУ \"Школа №119\""]
[362,"Авиастроительный район","МБОУ \"Школа №62\"","Пырков","Д.","Р.","м",9,9,{"v":68.02983361538797,"d":"68.03"},100,"призер","Талипов Рамиль Рашатович","МБОУ \"Школа №62\" Авиастроительного района г.Казани"]
[363,"Авиастроительный район","МБОУ \"Лицей №145\"","Асадов","А.","Р.","м",11,11,{"v":67.839356308636,"d":"67.84"},100,"призер","Семагин Александр Алексеевич","МБОУ \"Лицей №145\""]
[364,"Советский район","МБОУ \"Гимназия №174\"","Зимин","М.","Р.","м",10,10,{"v":67.51052701979668,"d":"67.51"},100,"участник","Гимфанетдинов Ирек Тауфикович","МБОУ \"Гимназия №174\""]
[365,"Советский район","МБОУ \"Школа №167\"","Явтушенко","Д.","А.","м",10,10,{"v":67.11209280550474,"d":"67.11"},100,"участник","Иванова Наталия Геннадьевна","МБОУ \"Школа №167\""]
[366,"Авиастроительный район","МБОУ \"Школа №62\"","Ахтямов","А.","Г.","м",9,9,{"v":67.05362972222527,"d":"67.05"},100,"участник","Талипов Рамиль Рашатович","МБОУ \"Школа №62\" Авиастроительного района г.Казани"]
[367,"Приволжский район","МБОУ \"Гимназия №52\"","Бакунин","С.","И.","м",9,9,{"v":66.36550201770608,"d":"66.37"},100,"участник","Михеев Эдуард Рафаэлович","МБОУ \"Гимназия №52\" Приволжского района г.Казани"]
[368,"Советский район","МБОУ \"Лицей №159 имени С.Х.Загидуллиной\"","Гарифуллин","Т.","О.","м",9,9,{"v":66.22741181366429,"d":"66.23"},100,"участник","Барлев Виктор Александрович","МБОУ \"Лицей №159 им.С.Х.Загидуллиной\""]
[369,"Московский район","МБОУ \"Гимназия №20 \"Гармония\"","Цырульников","Е.","А.","м",9,9,{"v":65.63068232339424,"d":"65.63"},100,"участник","Баранов Максим Викторович","МБОУ \"Гимназия №20 \"Гармония\"\" Московского района г. Казани"]
[370,"Советский район","МБОУ \"Гимназия №8 - Центр образования\"","Полинчук","М.","Д.","м",11,11,{"v":64.83211221316047,"d":"64.83"},100,"участник","Корнеева Наталья Алексеевна","МБОУ Гимназия№8-Центр образования"]
[371,"Вахитовский район","МБОУ \"Гимназия №27\"","Замальдинов","И.","А.","м",10,10,{"v":64.79550619774817,"d":"64.80"},100,"участник","Галиулин Камиль Маскутович","МБОУ \"Гимназия №27\""]
[372,"Вахитовский район","МАОУ \"Школа №18\"","Бекмухаметов","В.","Р.","м",9,9,{"v":64.03074282147315,"d":"64.03"},100,"участник","Хузина Ангелина Алексеевна","МАОУ \"школа №18\""]
[373,"Московский район","МБОУ \"Школа №55\"","Мосунов","Д.","О.","м",11,11,{"v":63.55159696026038,"d":"63.55"},100,"участник","Евдокимов Андрей Викторович","МБОУ \"Школа №55\""]
[374,"Приволжский район","МБОУ \"Лицей №83-Центр образования\"","Ибрашев","Д.","К.","м",11,11,{"v":62.96902473897394,"d":"62.97"},100,"участник","Савушкин Ранель Михайлович","МБОУ \"Лицей №83-Центр Образования\""]
[375,"Вахитовский район","МАОУ \"Школа №39\"","Кулаков","И.","О.","м",11,11,{"v":62.50250690919208,"d":"62.50"},100,"участник","Файзулаев Адель Линарович","МАОУ \"Школа №39\""]
[376,"Кировский район","МБОУ \"Школа №8\"","Тарасов","Д.","В.","м",10,10,{"v":62.412976960377534,"d":"62.41"},100,"участник","Фарид Миджатович","МБОУ \"Школа №8\""]
[377,"Приволжский район","МБОУ \"Гимназия №52\"","Гатауллин","Д.","Д.","м",10,10,{"v":62.33904112714667,"d":"62.34"},100,"участник","Михеева Диляра Фаритовна","МБОУ \"Гимназия №52\""]
[378,"Ново-Савиновский район","МБОУ \"Школа №49\"","Халилов","Д.","И.","м",10,10,{"v":62.28811054779162,"d":"62.29"},100,"участник","Зиганшин Артур Рамилевич","МБОУ \"Школа №49\""]
[379,"Приволжский район","МБОУ \"Школа №136\"","Михайлов","М.","В.","м",9,9,{"v":61.9648252184769,"d":"61.96"},100,"участник","Корнетов Вячеслав Владимирович","МБОУ \"Школа 136\""]
[380,"Приволжский район","МБОУ \"Школа №100-Центр образования\"","Замалиев","Ч.","Р.","м",11,11,{"v":61.92225891212972,"d":"61.92"},100,"участник","Якупов Илтмир Ильсурович","МБОУ \"Школа №100 - ЦО\""]
[381,"Авиастроительный район","МБОУ \"Лицей №26 им.М.Джалиля\"","Зиннуров","Р.","Р.","м",11,11,{"v":59.3202379068418,"d":"59.32"},100,"участник","Валеева Савия Лотфулловна","МБОУ \"Лицей №26 им.М.Джалиля\""]
[382,"Приволжский район","МБОУ \"Гимназия №6\"","Корнев","Д.","О.","м",11,11,{"v":59.31804238265218,"d":"59.32"},100,"участник","Мухамадшева Валентина Васильевна","МБОУ \"Гимназия №6\" Приволжского района г. Казани"]
[383,"Московский район","МБОУ \"Татарская гимназия №2 при КФУ\"","Мухамадиев","К.","И.","м",11,11,{"v":58.62324409862974,"d":"58.62"},100,"участник","Хабибуллин Баки Габдулхаевич","МБОУ \"Татарская гимназия №2 при КФУ\""]
[384,"Кировский район","МБОУ \"Школа №137\"","Туяков","Ш.","А.","м",11,11,{"v":58.3161644142978,"d":"58.32"},100,"участник","Баранов Владимир Геннадьевич","МБОУ \"Школа № 137\""]
[385,"Вахитовский район","ФГКОУ \"Казанское суворовское военное училище\"","Журавлев","Г.","А.","м",11,11,{"v":58.063485757345155,"d":"58.06"},100,"участник","Балакеров Николай Валерьевич","ФГКОУ \"Казанское суворовское военное училище МО РФ\""]
[386,"Московский район","МБОУ \"Гимназия №75\"","Мышев","И.","С.","м",10,10,{"v":57.95907329191196,"d":"57.96"},100,"участник","Толометова Эльвира Флитовна","МБОУ \"Гимназия №75\""]
[387,"Ново-Савиновский район","МБОУ \"Школа №113\"","Урусов","К.","А.","м",9,9,{"v":57.948882779889544,"d":"57.95"},100,"участник","Рыжов Александр Васильевич","МБОУ \"Школа 113\""]
[388,"Советский район","МБОУ \"Гимназия №175\"","Сабиров","М.","Р.","м",11,11,{"v":57.9488724106715,"d":"57.95"},100,"участник","Лекомцев Даниил Федорович","Гимназия №175"]
[389,"Советский район","МБОУ \"Гимназия №175\"","Салахов","А.","И.","м",9,9,{"v":57.11904975592709,"d":"57.12"},100,"участник","Лекомцев Даниил Федорович","Гимназия №175"]
[390,"Кировский район","МБОУ \"Многопрофильная гимназия №189 \"Заман\"","Пучков","А.","А.","м",9,9,{"v":56.932952044273975,"d":"56.93"},100,"участник","Сорокин Александр Иванович","МБОУ «Многопрофильная гимназия №189 “Заман”»"]
[391,"Советский район","МАОУ \"Лицей - инженерный центр\"","Галиуллин","К.","А.","м",9,9,{"v":56.115907746895324,"d":"56.12"},100,"участник","Николаев Никита Николаевич","Лицей - иженерный центр"]
[392,"Ново-Савиновский район","МАОУ \"Лицей №146 \"Ресурс\"","Степанов","Р.","Э.","м",9,9,{"v":55.57402827804957,"d":"55.57"},100,"участник","Белянин Алексей Анатольевич","МАОУ \"Лицей № 146 \"Ресурс\""]
[393,"Московский район","МБОУ \"Школа №99\"","Зуйков","К.","А.","м",11,11,{"v":54.11444142769063,"d":"54.11"},100,"участник","Исламов Адель Наилевич","МБОУ \"Школа №99\""]
[394,"Московский район","МБОУ \"Гимназия №20 \"Гармония\"","Сайфутдинов","И.","Р.","м",9,9,{"v":53.74437102121043,"d":"53.74"},100,"участник","Баранов Максим Викторович","МБОУ \"Гимназия №20 \"Гармония\"\" Московского района г. Казани"]
[395,"Советский район","МБОУ \"Школа №171\"","Габидуллин","М.","И.","м",9,9,{"v":52.552970343674176,"d":"52.55"},100,"участник","Абузяров Альфис Асфирович","МБОУ \"Школа №171\""]
[396,"Кировский район","МБОУ \"Школа №70\"","Исхаков","А.","А.","м",10,10,{"v":51.675687296879275,"d":"51.68"},100,"участник","Понуркин Артур Сергеевич","МБОУ \"Школа №70\""]
[397,"Кировский район","МБОУ \"Многопрофильная гимназия №189 \"Заман\"","Хафизов","Л.","Р.","м",10,10,{"v":51.56966285886733,"d":"51.57"},100,"участник","Сорокин Александр Иванович","МБОУ \"Многопрофильная гимназия №189 \"Заман\""]
[398,"Кировский район","МБОУ \"Гимназия №50\"","Наумов","К.","М.","м",10,10,{"v":51.528419099413405,"d":"51.53"},100,"участник","Хайрутдинов Тимур Рустемович","МБОУ \"Гимназия №50\""]
[399,"Советский район","МАОУ \"Лицей - инженерный центр\"","Мазитов","А.","В.","м",9,9,{"v":51.36807285434399,"d":"51.37"},100,"участник","Николаев Никита Николаевич","\"Лицей - иженерный центр\""]
[400,"Советский район","МБОУ \"Гимназия №126\"","Мухаметзянов","С.","И.","м",9,9,{"v":50.57679141255324,"d":"50.58"},100,"участник","Борисов Михаил Алексеевич","МБОУ \"Гимназия №126\""]
[401,"Ново-Савиновский район","МБОУ \"Школа №9\"","Усольцев","А.","А.","м",10,10,{"v":50.371413419087766,"d":"50.37"},100,"участник","Стариков Андрей Иванович","МБОУ \"Школа №9\""]
[402,"Советский район","МАОУ \"Многопрофильный лицей №11\"","Давлетшин","К.","Р.","м",9,9,{"v":50.233921889277426,"d":"50.23"},100,"участник","Раззакова Малика Сабуровна","МАОУ \"Многопрофильный лицей №11\""]
[403,"Авиастроительный район","МБОУ \"Школа №60\"","Валиуллов","А.","Э.","м",9,9,{"v":49.66525075363113,"d":"49.67"},100,"участник","Шарифуллин Рустем Ризванович","МБОУ \"Школа №60\""]
[404,"Советский район","МБОУ \"Гимназия №125\"","Камалов","А.","В.","м",11,11,{"v":48.78088505110456,"d":"48.78"},100,"участник","Пономарев Артем Александрович","МБОУ \"Гимназия №125\""]
[405,"Московский район","МБОУ \"Гимназия №17\"","Кашапов","И.","И.","м",9,9,{"v":48.49259575143149,"d":"48.49"},100,"участник","Каюмов Камил Тагирович","МБОУ \"Гимназия№17"]
[406,"Приволжский район","МБОУ \"Школа №10\"","Андреев","Р.","Ю.","м",11,11,{"v":48.411581199798725,"d":"48.41"},100,"участник","Габдрахманов Рафис Рашидович","МБОУ \"Школа №10\""]
[407,"Советский район","МБОУ \"Лицей №95\"","Абрамов","Н.","А.","м",9,9,{"v":47.81385213261334,"d":"47.81"},100,"участник","Зайнулин Фархад Ирекович","МБОУ \"Лицей №95\""]
[408,"Советский район","МБОУ \"Гимназия №93 имени А.С.Пушкина\"","Ромазанов","А.","Д.","м",9,9,{"v":47.5042018114476,"d":"47.50"},100,"участник","Шкаева Алина Ильинична","МБОУ \"Гимназия №93 имени А.С.Пушкина\""]
[409,"Ново-Савиновский район","МБОУ \"Лицей №170\"","Федоров","А.","Д.","м",10,10,{"v":45.611396387999164,"d":"45.61"},100,"участник","Саппарова Александра Юрьевна","МБОУ \"Лицей №170\""]
[410,"Приволжский район","МБОУ \"Школа №129\"","Сафиуллин","Р.","М.","м",10,10,{"v":45.34899674335908,"d":"45.35"},100,"участник","Гумар Миншакирович","МБОУ \"Школа №129\""]
[411,"Вахитовский район","АНОО  \"Академия БС\"","Аглямов","С.","А.","м",10,10,{"v":45.200942881995886,"d":"45.20"},100,"участник","Ашанин Никита Андреевич","АНОО  \"Академия БС\""]
[412,"Ново-Савиновский район","СУНЦ Инженерный лицей-интернат КНИТУ-КАИ","Анкудинов","Д.","Д.","м",9,9,{"v":44.702366755104194,"d":"44.70"},100,"участник","Кавеев Рамиль Наилевич","Специализированный учебно-научный центр \"Инженерный лицей-интернат КНИТУ-КАИ\""]
[413,"Московский район","МБОУ \"Школа №34\"","Фархатов","А.","А.","м",11,11,{"v":44.23909844836811,"d":"44.24"},100,"участник","Багаутдинов Ильдар Зияфович","МБОУ \"Средняя общеобразовательная татарско-русская школа №34\" Московского района г.Казани"]
[414,"Советский район","АНОО \"Международная школа Унискул\"","Сабитов","Т.","Р.","м",9,9,{"v":43.91721180246162,"d":"43.92"},100,"участник","Федина Александра Вадимовна","АНОО \"Международная школа Унискул\""]
[415,"Советский район","МБОУ \"Школа №72\"","Гришин","Д.","А.","м",10,10,{"v":43.78520747881744,"d":"43.79"},100,"участник","Вадим Рахманович","МБОУ \"Школа №72\""]
[416,"Советский район","МБОУ \"Школа №22-Центр образования\"","Джонаков","Х.","С.","м",9,9,{"v":43.05318163231287,"d":"43.05"},100,"участник","Жиряева Рахиля Рашитовна","МБОУ \"Школа №22 - Центр образования\""]
[417,"Ново-Савиновский район","МБОУ \"Гимназия №155\"","Закиров","Э.","Р.","м",11,11,{"v":42.46856941842141,"d":"42.47"},100,"участник","Галиев Марсель Вазихович","МБОУ \"Гимназия №155 с татарским языком обучения\" Ново-Савиновского района г.Казани"]
[418,"Авиастроительный район","МБОУ \"Школа №60\"","Реченко","М.","И.","м",9,9,{"v":41.55955562093811,"d":"41.56"},100,"участник","Шарифуллин Рустем Ризванович","МБОУ \"Школа №60\""]
[419,"Советский район","МБОУ \"Школа №47\"","Вашуров","К.","Е.","м",9,9,{"v":40.37391029317178,"d":"40.37"},100,"участник","Семенова Татьяна Робертовна","МБОУ \"Школа № 47\""]
[420,"Кировский район","МБОУ \"Школа №57\"","Савельев","Б.","Р.","м",11,11,{"v":38.40812629787818,"d":"38.41"},100,"участник","Коробова Татьяна Геннадиевна","МБОУ \"Школа №57\""]
[421,"Вахитовский район","МБОУ \"Лицей №116 имени Героя Советского Союза А.С.Умеркина\"","Бодров","Б.","Р.","м",9,9,{"v":37.722988730281614,"d":"37.72"},100,"участник","Чайников Владимир Владимирович","Лицей 116"]
[422,"Вахитовский район","МБОУ \"Лицей №5\"","Симонов","А.","С.","м",11,11,{"v":28.113295880149813,"d":"28.11"},100,"участник","Марценюк Ольга Сергеевна","МБОУ \"Лицей № 5\""]
[423,"Кировский район","МБОУ \"Гимназия №4\"","Чумарин","Т.","И.","м",10,10,{"v":20.94611848825332,"d":"20.95"},100,"участник","Пономарева Валерия Артемовна","МБОУ \"Гимназия №4\""]
[424,"Советский район","МБОУ \"Школа №84\"","Пашин","М.","В.","м",9,9,{"v":18.258426966292134,"d":"18.26"},100,"участник","Гумеров Руслан Ринатович","МБОУ \"Школа №84\""]
[425,"Советский район","МАОУ \"Гимназия №141\"","Исхаков","С.","Р.","м",11,11,{"v":12.359550561797754,"d":"12.36"},100,"участник","Гонголев Вячеслав Геннадьевич","Гимназия №141"]
[426,"Приволжский район","МБОУ \"Школа №42 имени Героя России Д.Р.Гилемханова\"","Шагиахметов","М.","Н.","м",9,9,{"v":10.674157303370787,"d":"10.67"},100,"участник","Рязанова Лейла Аниловна","МБОУ \" Школа №42 имени Героя России Д.Р.Гилемханова\""]
[427,"Кировский район","МБОУ \"Школа №81\"","Хусаинов","А.","Р.","м",11,11,{"v":9.831460674157304,"d":"9.83"},100,"участник","Ленара Ринатовна","МБОУ \"Школа №81\" Кировского района г. Казани"]
[428,"Советский район","МБОУ \"Гимназия №184\"","Копытов","П.","А.","м",9,9,{"v":7.584269662921348,"d":"7.58"},100,"участник","Кашапов Нафис Алмасович","МБОУ \"Гимназия 184\""]
[429,"Авиастроительный район","МАОУ \"Гимназия №37\"","Зиятдинов","А.","Н.","м",10,10,{"v":6.46067415730337,"d":"6.46"},100,"участник","Курбанова Наиля Ахметовна","МАОУ \"Гимназия №37\""]
[430,"Кировский район","МБОУ \"Школа №81\"","Артамонов","А.","А.","м",9,9,{"v":3.0898876404494384,"d":"3.09"},100,"участник","Садртдинова Ленара Ринатовна","МБОУ \"Школа №81\" Кировского района г. Казани"]

{"sheet":"Лист2","index":1,"n_rows":0,"n_cols":0,"rows_kept":0}

{"sheet":"Лист3","index":2,"n_rows":0,"n_cols":0,"rows_kept":0}